<?xml version="1.0" encoding="UTF-8"?>
<record
    xmlns:xsi="http://www.w3.org/2001/XMLSchema-instance"
    xsi:schemaLocation="http://www.loc.gov/MARC21/slim http://www.loc.gov/standards/marcxml/schema/MARC21slim.xsd"
    xmlns="http://www.loc.gov/MARC21/slim">

  <leader>00506    a2200205   4500</leader>
  <controlfield tag="001">108200</controlfield>
  <datafield tag="020" ind1=" " ind2=" ">
    <subfield code="a">0321118170</subfield>
  </datafield>
  <datafield tag="041" ind1=" " ind2=" ">
    <subfield code="a">por</subfield>
  </datafield>
  <datafield tag="082" ind1=" " ind2=" ">
    <subfield code="a">P Year 3 [E]</subfield>
  </datafield>
  <datafield tag="100" ind1=" " ind2=" ">
    <subfield code="a">Morrow, Peggy et.al.</subfield>
  </datafield>
  <datafield tag="300" ind1=" " ind2=" ">
    <subfield code="a">436 p.</subfield>
  </datafield>
  <datafield tag="521" ind1=" " ind2=" ">
    <subfield code="a">Year 3</subfield>
  </datafield>
  <datafield tag="697" ind1=" " ind2=" ">
    <subfield code="a">mathematics.</subfield>
  </datafield>
  <datafield tag="856" ind1=" " ind2=" ">
    <subfield code="u">000017/00001786.jpg</subfield>
  </datafield>
  <datafield tag="040" ind1=" " ind2=" ">
    <subfield code="a">BR-BrIDEA</subfield>
    <subfield code="c">BR-BrIDEA</subfield>
  </datafield>
  <datafield tag="090" ind1=" " ind2=" ">
    <subfield code="a">P Year 3 [E]</subfield>
    <subfield code="b">MOR</subfield>
  </datafield>
  <datafield tag="245" ind1="1" ind2="0">
    <subfield code="a">Math Makes Sense 3</subfield>
    <subfield code="c"> Peggy et.al Morrow</subfield>
  </datafield>
  <datafield tag="260" ind1=" " ind2=" ">
    <subfield code="a">[S.l.]</subfield>
    <subfield code="b">Pearson Education Canada Inc</subfield>
    <subfield code="c">c2004</subfield>
  </datafield>
  <datafield tag="942" ind1=" " ind2=" ">
    <subfield code="c">BK</subfield>
  </datafield>
  <datafield tag="952" ind1=" " ind2=" ">
    <subfield code="0">0</subfield>
    <subfield code="1">0</subfield>
    <subfield code="2">ddc</subfield>
    <subfield code="4">0</subfield>
    <subfield code="7">0</subfield>
    <subfield code="a">12.28</subfield>
    <subfield code="b">12.28</subfield>
    <subfield code="d">2017-11-14</subfield>
    <subfield code="l">1</subfield>
    <subfield code="o">P Year 3 [E]</subfield>
    <subfield code="p">00030134SSW</subfield>
    <subfield code="q">2024-11-29</subfield>
    <subfield code="r">2024-02-20 21:53:11</subfield>
    <subfield code="s">2024-02-20</subfield>
    <subfield code="w">2024-01-23</subfield>
    <subfield code="y">TXB</subfield>
  </datafield>
  <datafield tag="952" ind1=" " ind2=" ">
    <subfield code="0">0</subfield>
    <subfield code="1">0</subfield>
    <subfield code="2">ddc</subfield>
    <subfield code="4">0</subfield>
    <subfield code="7">0</subfield>
    <subfield code="a">12.28</subfield>
    <subfield code="b">12.28</subfield>
    <subfield code="d">2017-11-29</subfield>
    <subfield code="l">0</subfield>
    <subfield code="o">P Year 3 [E]</subfield>
    <subfield code="p">00030344SSW</subfield>
    <subfield code="r">2024-01-23 14:38:12</subfield>
    <subfield code="w">2024-01-23</subfield>
    <subfield code="y">TXB</subfield>
  </datafield>
  <datafield tag="952" ind1=" " ind2=" ">
    <subfield code="0">0</subfield>
    <subfield code="1">0</subfield>
    <subfield code="2">ddc</subfield>
    <subfield code="4">0</subfield>
    <subfield code="7">0</subfield>
    <subfield code="a">12.28</subfield>
    <subfield code="b">12.28</subfield>
    <subfield code="d">2017-12-07</subfield>
    <subfield code="l">0</subfield>
    <subfield code="o">P Year 3 [E]</subfield>
    <subfield code="p">00030860SSW</subfield>
    <subfield code="r">2024-01-23 14:38:12</subfield>
    <subfield code="w">2024-01-23</subfield>
    <subfield code="y">TXB</subfield>
  </datafield>
  <datafield tag="952" ind1=" " ind2=" ">
    <subfield code="0">0</subfield>
    <subfield code="1">0</subfield>
    <subfield code="2">ddc</subfield>
    <subfield code="4">0</subfield>
    <subfield code="7">0</subfield>
    <subfield code="a">12.28</subfield>
    <subfield code="b">12.28</subfield>
    <subfield code="d">2017-12-07</subfield>
    <subfield code="l">1</subfield>
    <subfield code="o">P Year 3 [E]</subfield>
    <subfield code="p">00030865SSW</subfield>
    <subfield code="q">2024-11-29</subfield>
    <subfield code="r">2024-02-20 21:30:21</subfield>
    <subfield code="s">2024-02-20</subfield>
    <subfield code="w">2024-01-23</subfield>
    <subfield code="y">TXB</subfield>
  </datafield>
  <datafield tag="952" ind1=" " ind2=" ">
    <subfield code="0">0</subfield>
    <subfield code="1">0</subfield>
    <subfield code="2">ddc</subfield>
    <subfield code="4">0</subfield>
    <subfield code="7">0</subfield>
    <subfield code="a">12.28</subfield>
    <subfield code="b">12.28</subfield>
    <subfield code="d">2017-12-07</subfield>
    <subfield code="l">0</subfield>
    <subfield code="o">P Year 3 [E]</subfield>
    <subfield code="p">00030868SSW</subfield>
    <subfield code="r">2024-01-23 14:38:12</subfield>
    <subfield code="w">2024-01-23</subfield>
    <subfield code="y">TXB</subfield>
  </datafield>
  <datafield tag="952" ind1=" " ind2=" ">
    <subfield code="0">0</subfield>
    <subfield code="1">0</subfield>
    <subfield code="2">ddc</subfield>
    <subfield code="4">0</subfield>
    <subfield code="7">0</subfield>
    <subfield code="a">12.28</subfield>
    <subfield code="b">12.28</subfield>
    <subfield code="d">2019-03-19</subfield>
    <subfield code="l">0</subfield>
    <subfield code="o">P Year 3 [E]</subfield>
    <subfield code="p">00043221SSW</subfield>
    <subfield code="r">2024-01-23 14:38:12</subfield>
    <subfield code="w">2024-01-23</subfield>
    <subfield code="y">TXB</subfield>
  </datafield>
  <datafield tag="952" ind1=" " ind2=" ">
    <subfield code="0">0</subfield>
    <subfield code="1">0</subfield>
    <subfield code="2">ddc</subfield>
    <subfield code="4">0</subfield>
    <subfield code="7">0</subfield>
    <subfield code="a">12.27</subfield>
    <subfield code="b">12.27</subfield>
    <subfield code="d">2019-12-07</subfield>
    <subfield code="l">2</subfield>
    <subfield code="o">AP Year 3 [E] MOR</subfield>
    <subfield code="p">00044924AGC</subfield>
    <subfield code="q">2024-11-29</subfield>
    <subfield code="r">2024-02-27 13:16:28</subfield>
    <subfield code="s">2024-02-27</subfield>
    <subfield code="w">2024-01-23</subfield>
    <subfield code="y">TXB</subfield>
  </datafield>
  <datafield tag="952" ind1=" " ind2=" ">
    <subfield code="0">0</subfield>
    <subfield code="1">0</subfield>
    <subfield code="2">ddc</subfield>
    <subfield code="4">0</subfield>
    <subfield code="7">0</subfield>
    <subfield code="a">12.27</subfield>
    <subfield code="b">12.27</subfield>
    <subfield code="d">2019-12-07</subfield>
    <subfield code="l">1</subfield>
    <subfield code="o">AP Year 3 [E] MOR</subfield>
    <subfield code="p">00044950AGC</subfield>
    <subfield code="q">2024-11-29</subfield>
    <subfield code="r">2024-02-19 18:20:48</subfield>
    <subfield code="s">2024-02-19</subfield>
    <subfield code="w">2024-01-23</subfield>
    <subfield code="y">TXB</subfield>
  </datafield>
  <datafield tag="952" ind1=" " ind2=" ">
    <subfield code="0">0</subfield>
    <subfield code="1">0</subfield>
    <subfield code="2">ddc</subfield>
    <subfield code="4">0</subfield>
    <subfield code="7">0</subfield>
    <subfield code="a">12.27</subfield>
    <subfield code="b">12.27</subfield>
    <subfield code="d">2019-12-07</subfield>
    <subfield code="l">1</subfield>
    <subfield code="o">AP Year 3 [E] MOR</subfield>
    <subfield code="p">00044951AGC</subfield>
    <subfield code="q">2024-11-29</subfield>
    <subfield code="r">2024-02-19 18:32:46</subfield>
    <subfield code="s">2024-02-19</subfield>
    <subfield code="w">2024-01-23</subfield>
    <subfield code="y">TXB</subfield>
  </datafield>
  <datafield tag="952" ind1=" " ind2=" ">
    <subfield code="0">0</subfield>
    <subfield code="1">0</subfield>
    <subfield code="2">ddc</subfield>
    <subfield code="4">0</subfield>
    <subfield code="7">0</subfield>
    <subfield code="a">12.27</subfield>
    <subfield code="b">12.27</subfield>
    <subfield code="d">2019-12-07</subfield>
    <subfield code="l">1</subfield>
    <subfield code="o">AP Year 3 [E] MOR</subfield>
    <subfield code="p">00044952AGC</subfield>
    <subfield code="q">2024-11-29</subfield>
    <subfield code="r">2024-02-19 18:04:21</subfield>
    <subfield code="s">2024-02-19</subfield>
    <subfield code="w">2024-01-23</subfield>
    <subfield code="y">TXB</subfield>
  </datafield>
  <datafield tag="952" ind1=" " ind2=" ">
    <subfield code="0">0</subfield>
    <subfield code="1">0</subfield>
    <subfield code="2">ddc</subfield>
    <subfield code="4">0</subfield>
    <subfield code="7">0</subfield>
    <subfield code="a">12.27</subfield>
    <subfield code="b">12.27</subfield>
    <subfield code="d">2019-12-07</subfield>
    <subfield code="l">1</subfield>
    <subfield code="o">AP Year 3 [E] MOR</subfield>
    <subfield code="p">00044953AGC</subfield>
    <subfield code="q">2024-11-29</subfield>
    <subfield code="r">2024-02-19 18:05:23</subfield>
    <subfield code="s">2024-02-19</subfield>
    <subfield code="w">2024-01-23</subfield>
    <subfield code="y">TXB</subfield>
  </datafield>
  <datafield tag="952" ind1=" " ind2=" ">
    <subfield code="0">0</subfield>
    <subfield code="1">0</subfield>
    <subfield code="2">ddc</subfield>
    <subfield code="4">0</subfield>
    <subfield code="7">0</subfield>
    <subfield code="a">12.28</subfield>
    <subfield code="b">12.28</subfield>
    <subfield code="d">2019-12-04</subfield>
    <subfield code="l">1</subfield>
    <subfield code="o">P Year 3 [E]</subfield>
    <subfield code="p">00044909SSW</subfield>
    <subfield code="q">2024-11-29</subfield>
    <subfield code="r">2024-02-20 21:45:20</subfield>
    <subfield code="s">2024-02-20</subfield>
    <subfield code="w">2024-01-23</subfield>
    <subfield code="y">TXB</subfield>
  </datafield>
  <datafield tag="952" ind1=" " ind2=" ">
    <subfield code="0">0</subfield>
    <subfield code="1">0</subfield>
    <subfield code="2">ddc</subfield>
    <subfield code="4">0</subfield>
    <subfield code="7">0</subfield>
    <subfield code="a">12.27</subfield>
    <subfield code="b">12.27</subfield>
    <subfield code="d">2019-12-07</subfield>
    <subfield code="l">1</subfield>
    <subfield code="o">AP Year 3 [E] MOR</subfield>
    <subfield code="p">00044938AGC</subfield>
    <subfield code="q">2024-11-29</subfield>
    <subfield code="r">2024-02-19 18:31:14</subfield>
    <subfield code="s">2024-02-19</subfield>
    <subfield code="w">2024-01-23</subfield>
    <subfield code="y">TXB</subfield>
  </datafield>
  <datafield tag="952" ind1=" " ind2=" ">
    <subfield code="0">0</subfield>
    <subfield code="1">0</subfield>
    <subfield code="2">ddc</subfield>
    <subfield code="4">0</subfield>
    <subfield code="7">0</subfield>
    <subfield code="a">12.27</subfield>
    <subfield code="b">12.27</subfield>
    <subfield code="d">2019-12-07</subfield>
    <subfield code="l">1</subfield>
    <subfield code="o">AP Year 3 [E] MOR</subfield>
    <subfield code="p">00044939AGC</subfield>
    <subfield code="q">2024-11-29</subfield>
    <subfield code="r">2024-02-19 18:21:29</subfield>
    <subfield code="s">2024-02-19</subfield>
    <subfield code="w">2024-01-23</subfield>
    <subfield code="y">TXB</subfield>
  </datafield>
  <datafield tag="952" ind1=" " ind2=" ">
    <subfield code="0">0</subfield>
    <subfield code="1">0</subfield>
    <subfield code="2">ddc</subfield>
    <subfield code="4">0</subfield>
    <subfield code="7">0</subfield>
    <subfield code="a">12.27</subfield>
    <subfield code="b">12.27</subfield>
    <subfield code="d">2019-12-07</subfield>
    <subfield code="l">0</subfield>
    <subfield code="o">AP Year 3 [E] MOR</subfield>
    <subfield code="p">00044940AGC</subfield>
    <subfield code="r">2024-01-23 14:38:12</subfield>
    <subfield code="w">2024-01-23</subfield>
    <subfield code="y">TXB</subfield>
  </datafield>
  <datafield tag="952" ind1=" " ind2=" ">
    <subfield code="0">0</subfield>
    <subfield code="1">0</subfield>
    <subfield code="2">ddc</subfield>
    <subfield code="4">0</subfield>
    <subfield code="7">0</subfield>
    <subfield code="a">12.27</subfield>
    <subfield code="b">12.27</subfield>
    <subfield code="d">2019-12-07</subfield>
    <subfield code="l">0</subfield>
    <subfield code="o">AP Year 3 [E] MOR</subfield>
    <subfield code="p">00044941AGC</subfield>
    <subfield code="r">2024-01-23 14:38:13</subfield>
    <subfield code="w">2024-01-23</subfield>
    <subfield code="y">TXB</subfield>
  </datafield>
  <datafield tag="952" ind1=" " ind2=" ">
    <subfield code="0">0</subfield>
    <subfield code="1">0</subfield>
    <subfield code="2">ddc</subfield>
    <subfield code="4">0</subfield>
    <subfield code="7">0</subfield>
    <subfield code="a">12.27</subfield>
    <subfield code="b">12.27</subfield>
    <subfield code="d">2019-12-07</subfield>
    <subfield code="l">1</subfield>
    <subfield code="o">AP Year 3 [E] MOR</subfield>
    <subfield code="p">00044942AGC</subfield>
    <subfield code="q">2024-11-29</subfield>
    <subfield code="r">2024-02-19 18:15:22</subfield>
    <subfield code="s">2024-02-19</subfield>
    <subfield code="w">2024-01-23</subfield>
    <subfield code="y">TXB</subfield>
  </datafield>
  <datafield tag="952" ind1=" " ind2=" ">
    <subfield code="0">0</subfield>
    <subfield code="1">0</subfield>
    <subfield code="2">ddc</subfield>
    <subfield code="4">0</subfield>
    <subfield code="7">0</subfield>
    <subfield code="a">12.27</subfield>
    <subfield code="b">12.27</subfield>
    <subfield code="d">2019-12-07</subfield>
    <subfield code="l">2</subfield>
    <subfield code="o">AP Year 3 [E] MOR</subfield>
    <subfield code="p">00044943AGC</subfield>
    <subfield code="q">2024-11-29</subfield>
    <subfield code="r">2024-02-19 18:45:37</subfield>
    <subfield code="s">2024-02-19</subfield>
    <subfield code="w">2024-01-23</subfield>
    <subfield code="y">TXB</subfield>
  </datafield>
  <datafield tag="952" ind1=" " ind2=" ">
    <subfield code="0">0</subfield>
    <subfield code="1">0</subfield>
    <subfield code="2">ddc</subfield>
    <subfield code="4">0</subfield>
    <subfield code="7">0</subfield>
    <subfield code="a">12.27</subfield>
    <subfield code="b">12.27</subfield>
    <subfield code="d">2019-12-07</subfield>
    <subfield code="l">0</subfield>
    <subfield code="o">AP Year 3 [E] MOR</subfield>
    <subfield code="p">00044944AGC</subfield>
    <subfield code="r">2024-08-02 21:03:39</subfield>
    <subfield code="w">2024-01-23</subfield>
    <subfield code="y">TXB</subfield>
  </datafield>
  <datafield tag="952" ind1=" " ind2=" ">
    <subfield code="0">0</subfield>
    <subfield code="1">0</subfield>
    <subfield code="2">ddc</subfield>
    <subfield code="4">0</subfield>
    <subfield code="7">0</subfield>
    <subfield code="a">12.27</subfield>
    <subfield code="b">12.27</subfield>
    <subfield code="d">2019-12-07</subfield>
    <subfield code="l">1</subfield>
    <subfield code="o">AP Year 3 [E] MOR</subfield>
    <subfield code="p">00044945AGC</subfield>
    <subfield code="q">2024-11-29</subfield>
    <subfield code="r">2024-02-19 18:17:49</subfield>
    <subfield code="s">2024-02-19</subfield>
    <subfield code="w">2024-01-23</subfield>
    <subfield code="y">TXB</subfield>
  </datafield>
  <datafield tag="952" ind1=" " ind2=" ">
    <subfield code="0">0</subfield>
    <subfield code="1">0</subfield>
    <subfield code="2">ddc</subfield>
    <subfield code="4">0</subfield>
    <subfield code="7">0</subfield>
    <subfield code="a">12.27</subfield>
    <subfield code="b">12.27</subfield>
    <subfield code="d">2019-12-07</subfield>
    <subfield code="l">0</subfield>
    <subfield code="o">AP Year 3 [E] MOR</subfield>
    <subfield code="p">00044946AGC</subfield>
    <subfield code="r">2024-01-23 14:38:13</subfield>
    <subfield code="w">2024-01-23</subfield>
    <subfield code="y">TXB</subfield>
  </datafield>
  <datafield tag="952" ind1=" " ind2=" ">
    <subfield code="0">0</subfield>
    <subfield code="1">0</subfield>
    <subfield code="2">ddc</subfield>
    <subfield code="4">0</subfield>
    <subfield code="7">0</subfield>
    <subfield code="a">12.27</subfield>
    <subfield code="b">12.27</subfield>
    <subfield code="d">2019-12-07</subfield>
    <subfield code="l">1</subfield>
    <subfield code="o">AP Year 3 [E] MOR</subfield>
    <subfield code="p">00044947AGC</subfield>
    <subfield code="q">2024-11-29</subfield>
    <subfield code="r">2024-02-19 18:16:53</subfield>
    <subfield code="s">2024-02-19</subfield>
    <subfield code="w">2024-01-23</subfield>
    <subfield code="y">TXB</subfield>
  </datafield>
  <datafield tag="952" ind1=" " ind2=" ">
    <subfield code="0">0</subfield>
    <subfield code="1">0</subfield>
    <subfield code="2">ddc</subfield>
    <subfield code="4">0</subfield>
    <subfield code="7">0</subfield>
    <subfield code="a">12.27</subfield>
    <subfield code="b">12.27</subfield>
    <subfield code="d">2019-12-07</subfield>
    <subfield code="l">0</subfield>
    <subfield code="o">AP Year 3 [E] MOR</subfield>
    <subfield code="p">00044948AGC</subfield>
    <subfield code="r">2024-01-23 14:38:13</subfield>
    <subfield code="w">2024-01-23</subfield>
    <subfield code="y">TXB</subfield>
  </datafield>
  <datafield tag="952" ind1=" " ind2=" ">
    <subfield code="0">0</subfield>
    <subfield code="1">0</subfield>
    <subfield code="2">ddc</subfield>
    <subfield code="4">0</subfield>
    <subfield code="7">0</subfield>
    <subfield code="a">12.27</subfield>
    <subfield code="b">12.27</subfield>
    <subfield code="d">2019-12-07</subfield>
    <subfield code="l">1</subfield>
    <subfield code="o">AP Year 3 [E] MOR</subfield>
    <subfield code="p">00044949AGC</subfield>
    <subfield code="q">2024-11-29</subfield>
    <subfield code="r">2024-02-19 18:59:44</subfield>
    <subfield code="s">2024-02-19</subfield>
    <subfield code="w">2024-01-23</subfield>
    <subfield code="y">TXB</subfield>
  </datafield>
  <datafield tag="952" ind1=" " ind2=" ">
    <subfield code="0">0</subfield>
    <subfield code="1">0</subfield>
    <subfield code="2">ddc</subfield>
    <subfield code="4">0</subfield>
    <subfield code="7">0</subfield>
    <subfield code="a">12.27</subfield>
    <subfield code="b">12.27</subfield>
    <subfield code="d">2019-12-07</subfield>
    <subfield code="l">1</subfield>
    <subfield code="o">AP Year 3 [E] MOR</subfield>
    <subfield code="p">00044925AGC</subfield>
    <subfield code="q">2024-11-29</subfield>
    <subfield code="r">2024-02-19 18:58:51</subfield>
    <subfield code="s">2024-02-19</subfield>
    <subfield code="w">2024-01-23</subfield>
    <subfield code="y">TXB</subfield>
  </datafield>
  <datafield tag="952" ind1=" " ind2=" ">
    <subfield code="0">0</subfield>
    <subfield code="1">0</subfield>
    <subfield code="2">ddc</subfield>
    <subfield code="4">0</subfield>
    <subfield code="7">0</subfield>
    <subfield code="a">12.27</subfield>
    <subfield code="b">12.27</subfield>
    <subfield code="d">2019-12-07</subfield>
    <subfield code="l">1</subfield>
    <subfield code="o">AP Year 3 [E] MOR</subfield>
    <subfield code="p">00044926AGC</subfield>
    <subfield code="q">2024-11-29</subfield>
    <subfield code="r">2024-02-19 18:14:35</subfield>
    <subfield code="s">2024-02-19</subfield>
    <subfield code="w">2024-01-23</subfield>
    <subfield code="y">TXB</subfield>
  </datafield>
  <datafield tag="952" ind1=" " ind2=" ">
    <subfield code="0">0</subfield>
    <subfield code="1">0</subfield>
    <subfield code="2">ddc</subfield>
    <subfield code="4">0</subfield>
    <subfield code="7">0</subfield>
    <subfield code="a">12.27</subfield>
    <subfield code="b">12.27</subfield>
    <subfield code="d">2019-12-07</subfield>
    <subfield code="l">0</subfield>
    <subfield code="o">AP Year 3 [E] MOR</subfield>
    <subfield code="p">00044927AGC</subfield>
    <subfield code="r">2024-01-23 14:38:13</subfield>
    <subfield code="w">2024-01-23</subfield>
    <subfield code="y">TXB</subfield>
  </datafield>
  <datafield tag="952" ind1=" " ind2=" ">
    <subfield code="0">0</subfield>
    <subfield code="1">0</subfield>
    <subfield code="2">ddc</subfield>
    <subfield code="4">0</subfield>
    <subfield code="7">0</subfield>
    <subfield code="a">12.27</subfield>
    <subfield code="b">12.27</subfield>
    <subfield code="d">2019-12-07</subfield>
    <subfield code="l">1</subfield>
    <subfield code="o">AP Year 3 [E] MOR</subfield>
    <subfield code="p">00044928AGC</subfield>
    <subfield code="q">2024-11-29</subfield>
    <subfield code="r">2024-02-19 18:57:50</subfield>
    <subfield code="s">2024-02-19</subfield>
    <subfield code="w">2024-01-23</subfield>
    <subfield code="y">TXB</subfield>
  </datafield>
  <datafield tag="952" ind1=" " ind2=" ">
    <subfield code="0">0</subfield>
    <subfield code="1">0</subfield>
    <subfield code="2">ddc</subfield>
    <subfield code="4">0</subfield>
    <subfield code="7">0</subfield>
    <subfield code="a">12.27</subfield>
    <subfield code="b">12.27</subfield>
    <subfield code="d">2019-12-07</subfield>
    <subfield code="l">3</subfield>
    <subfield code="o">AP Year 3 [E] MOR</subfield>
    <subfield code="p">00044929AGC</subfield>
    <subfield code="q">2024-11-29</subfield>
    <subfield code="r">2024-02-19 17:55:00</subfield>
    <subfield code="s">2024-02-19</subfield>
    <subfield code="w">2024-01-23</subfield>
    <subfield code="y">TXB</subfield>
  </datafield>
  <datafield tag="952" ind1=" " ind2=" ">
    <subfield code="0">0</subfield>
    <subfield code="1">0</subfield>
    <subfield code="2">ddc</subfield>
    <subfield code="4">0</subfield>
    <subfield code="7">0</subfield>
    <subfield code="a">12.27</subfield>
    <subfield code="b">12.27</subfield>
    <subfield code="d">2019-12-07</subfield>
    <subfield code="l">1</subfield>
    <subfield code="o">AP Year 3 [E] MOR</subfield>
    <subfield code="p">00044930AGC</subfield>
    <subfield code="q">2024-11-29</subfield>
    <subfield code="r">2024-02-19 19:01:31</subfield>
    <subfield code="s">2024-02-19</subfield>
    <subfield code="w">2024-01-23</subfield>
    <subfield code="y">TXB</subfield>
  </datafield>
  <datafield tag="952" ind1=" " ind2=" ">
    <subfield code="0">0</subfield>
    <subfield code="1">0</subfield>
    <subfield code="2">ddc</subfield>
    <subfield code="4">0</subfield>
    <subfield code="7">0</subfield>
    <subfield code="a">12.27</subfield>
    <subfield code="b">12.27</subfield>
    <subfield code="d">2019-12-07</subfield>
    <subfield code="l">1</subfield>
    <subfield code="o">AP Year 3 [E] MOR</subfield>
    <subfield code="p">00044931AGC</subfield>
    <subfield code="q">2024-11-29</subfield>
    <subfield code="r">2024-02-19 18:50:10</subfield>
    <subfield code="s">2024-02-19</subfield>
    <subfield code="w">2024-01-23</subfield>
    <subfield code="y">TXB</subfield>
  </datafield>
  <datafield tag="952" ind1=" " ind2=" ">
    <subfield code="0">0</subfield>
    <subfield code="1">0</subfield>
    <subfield code="2">ddc</subfield>
    <subfield code="4">0</subfield>
    <subfield code="7">0</subfield>
    <subfield code="a">12.27</subfield>
    <subfield code="b">12.27</subfield>
    <subfield code="d">2019-12-07</subfield>
    <subfield code="l">1</subfield>
    <subfield code="o">AP Year 3 [E] MOR</subfield>
    <subfield code="p">00044932AGC</subfield>
    <subfield code="q">2024-11-29</subfield>
    <subfield code="r">2024-02-19 18:49:18</subfield>
    <subfield code="s">2024-02-19</subfield>
    <subfield code="w">2024-01-23</subfield>
    <subfield code="y">TXB</subfield>
  </datafield>
  <datafield tag="952" ind1=" " ind2=" ">
    <subfield code="0">0</subfield>
    <subfield code="1">0</subfield>
    <subfield code="2">ddc</subfield>
    <subfield code="4">0</subfield>
    <subfield code="7">0</subfield>
    <subfield code="a">12.27</subfield>
    <subfield code="b">12.27</subfield>
    <subfield code="d">2019-12-07</subfield>
    <subfield code="l">1</subfield>
    <subfield code="o">AP Year 3 [E] MOR</subfield>
    <subfield code="p">00044933AGC</subfield>
    <subfield code="q">2024-11-29</subfield>
    <subfield code="r">2024-02-19 19:02:16</subfield>
    <subfield code="s">2024-02-19</subfield>
    <subfield code="w">2024-01-23</subfield>
    <subfield code="y">TXB</subfield>
  </datafield>
  <datafield tag="952" ind1=" " ind2=" ">
    <subfield code="0">0</subfield>
    <subfield code="1">0</subfield>
    <subfield code="2">ddc</subfield>
    <subfield code="4">0</subfield>
    <subfield code="7">0</subfield>
    <subfield code="a">12.27</subfield>
    <subfield code="b">12.27</subfield>
    <subfield code="d">2019-12-07</subfield>
    <subfield code="l">1</subfield>
    <subfield code="o">AP Year 3 [E] MOR</subfield>
    <subfield code="p">00044934AGC</subfield>
    <subfield code="r">2024-01-29 19:38:36</subfield>
    <subfield code="s">2024-01-29</subfield>
    <subfield code="w">2024-01-23</subfield>
    <subfield code="y">TXB</subfield>
  </datafield>
  <datafield tag="952" ind1=" " ind2=" ">
    <subfield code="0">0</subfield>
    <subfield code="1">0</subfield>
    <subfield code="2">ddc</subfield>
    <subfield code="4">0</subfield>
    <subfield code="7">0</subfield>
    <subfield code="a">12.27</subfield>
    <subfield code="b">12.27</subfield>
    <subfield code="d">2019-12-07</subfield>
    <subfield code="l">1</subfield>
    <subfield code="o">AP Year 3 [E] MOR</subfield>
    <subfield code="p">00044935AGC</subfield>
    <subfield code="q">2024-11-29</subfield>
    <subfield code="r">2024-02-19 18:03:40</subfield>
    <subfield code="s">2024-02-19</subfield>
    <subfield code="w">2024-01-23</subfield>
    <subfield code="y">TXB</subfield>
  </datafield>
  <datafield tag="952" ind1=" " ind2=" ">
    <subfield code="0">0</subfield>
    <subfield code="1">0</subfield>
    <subfield code="2">ddc</subfield>
    <subfield code="4">0</subfield>
    <subfield code="7">0</subfield>
    <subfield code="a">12.27</subfield>
    <subfield code="b">12.27</subfield>
    <subfield code="d">2019-12-07</subfield>
    <subfield code="l">1</subfield>
    <subfield code="o">AP Year 3 [E] MOR</subfield>
    <subfield code="p">00044936AGC</subfield>
    <subfield code="q">2024-11-29</subfield>
    <subfield code="r">2024-02-19 18:43:06</subfield>
    <subfield code="s">2024-02-19</subfield>
    <subfield code="w">2024-01-23</subfield>
    <subfield code="y">TXB</subfield>
  </datafield>
  <datafield tag="952" ind1=" " ind2=" ">
    <subfield code="0">0</subfield>
    <subfield code="1">0</subfield>
    <subfield code="2">ddc</subfield>
    <subfield code="4">0</subfield>
    <subfield code="7">0</subfield>
    <subfield code="a">12.27</subfield>
    <subfield code="b">12.27</subfield>
    <subfield code="d">2019-12-07</subfield>
    <subfield code="l">3</subfield>
    <subfield code="o">AP Year 3 [E] MOR</subfield>
    <subfield code="p">00044937AGC</subfield>
    <subfield code="q">2024-11-29</subfield>
    <subfield code="r">2024-02-19 17:53:46</subfield>
    <subfield code="s">2024-02-19</subfield>
    <subfield code="w">2024-01-23</subfield>
    <subfield code="y">TXB</subfield>
  </datafield>
  <datafield tag="952" ind1=" " ind2=" ">
    <subfield code="0">0</subfield>
    <subfield code="1">0</subfield>
    <subfield code="2">ddc</subfield>
    <subfield code="4">0</subfield>
    <subfield code="7">0</subfield>
    <subfield code="a">12.28</subfield>
    <subfield code="b">12.28</subfield>
    <subfield code="d">2015-03-13</subfield>
    <subfield code="l">1</subfield>
    <subfield code="o">P Year 3 [E]</subfield>
    <subfield code="p">00014361SSW</subfield>
    <subfield code="q">2024-11-29</subfield>
    <subfield code="r">2024-02-20 21:31:00</subfield>
    <subfield code="s">2024-02-20</subfield>
    <subfield code="w">2024-01-23</subfield>
    <subfield code="y">TXB</subfield>
  </datafield>
  <datafield tag="952" ind1=" " ind2=" ">
    <subfield code="0">0</subfield>
    <subfield code="1">0</subfield>
    <subfield code="2">ddc</subfield>
    <subfield code="4">0</subfield>
    <subfield code="7">0</subfield>
    <subfield code="a">12.28</subfield>
    <subfield code="b">12.28</subfield>
    <subfield code="d">2015-01-29</subfield>
    <subfield code="l">0</subfield>
    <subfield code="o">P Year 3 [E]</subfield>
    <subfield code="p">00013074SSW</subfield>
    <subfield code="r">2024-01-23 14:38:13</subfield>
    <subfield code="w">2024-01-23</subfield>
    <subfield code="y">TXB</subfield>
  </datafield>
  <datafield tag="952" ind1=" " ind2=" ">
    <subfield code="0">0</subfield>
    <subfield code="1">0</subfield>
    <subfield code="2">ddc</subfield>
    <subfield code="4">0</subfield>
    <subfield code="7">0</subfield>
    <subfield code="a">12.28</subfield>
    <subfield code="b">12.28</subfield>
    <subfield code="d">2015-01-29</subfield>
    <subfield code="l">1</subfield>
    <subfield code="o">P Year 3 [E]</subfield>
    <subfield code="p">00013077SSW</subfield>
    <subfield code="q">2024-11-29</subfield>
    <subfield code="r">2024-02-20 21:26:53</subfield>
    <subfield code="s">2024-02-20</subfield>
    <subfield code="w">2024-01-23</subfield>
    <subfield code="y">TXB</subfield>
  </datafield>
  <datafield tag="952" ind1=" " ind2=" ">
    <subfield code="0">0</subfield>
    <subfield code="1">0</subfield>
    <subfield code="2">ddc</subfield>
    <subfield code="4">0</subfield>
    <subfield code="7">0</subfield>
    <subfield code="a">12.28</subfield>
    <subfield code="b">12.28</subfield>
    <subfield code="d">2015-01-29</subfield>
    <subfield code="l">0</subfield>
    <subfield code="o">P Year 3 [E]</subfield>
    <subfield code="p">00013082SSW</subfield>
    <subfield code="r">2024-01-23 14:38:13</subfield>
    <subfield code="w">2024-01-23</subfield>
    <subfield code="y">TXB</subfield>
  </datafield>
  <datafield tag="952" ind1=" " ind2=" ">
    <subfield code="0">0</subfield>
    <subfield code="1">0</subfield>
    <subfield code="2">ddc</subfield>
    <subfield code="4">0</subfield>
    <subfield code="7">0</subfield>
    <subfield code="a">12.28</subfield>
    <subfield code="b">12.28</subfield>
    <subfield code="d">2015-01-29</subfield>
    <subfield code="l">1</subfield>
    <subfield code="o">P Year 3 [E]</subfield>
    <subfield code="p">00013088SSW</subfield>
    <subfield code="q">2024-11-29</subfield>
    <subfield code="r">2024-02-20 21:35:45</subfield>
    <subfield code="s">2024-02-20</subfield>
    <subfield code="w">2024-01-23</subfield>
    <subfield code="y">TXB</subfield>
  </datafield>
  <datafield tag="952" ind1=" " ind2=" ">
    <subfield code="0">0</subfield>
    <subfield code="1">0</subfield>
    <subfield code="2">ddc</subfield>
    <subfield code="4">0</subfield>
    <subfield code="7">0</subfield>
    <subfield code="a">12.28</subfield>
    <subfield code="b">12.28</subfield>
    <subfield code="d">2015-01-29</subfield>
    <subfield code="l">0</subfield>
    <subfield code="o">P Year 3 [E]</subfield>
    <subfield code="p">00013090SSW</subfield>
    <subfield code="r">2024-01-23 14:38:13</subfield>
    <subfield code="w">2024-01-23</subfield>
    <subfield code="y">TXB</subfield>
  </datafield>
  <datafield tag="952" ind1=" " ind2=" ">
    <subfield code="0">0</subfield>
    <subfield code="1">0</subfield>
    <subfield code="2">ddc</subfield>
    <subfield code="4">0</subfield>
    <subfield code="7">0</subfield>
    <subfield code="a">12.28</subfield>
    <subfield code="b">12.28</subfield>
    <subfield code="d">2015-01-29</subfield>
    <subfield code="l">1</subfield>
    <subfield code="o">P Year 3 [E]</subfield>
    <subfield code="p">00013093SSW</subfield>
    <subfield code="q">2024-11-29</subfield>
    <subfield code="r">2024-02-21 16:09:40</subfield>
    <subfield code="s">2024-02-21</subfield>
    <subfield code="w">2024-01-23</subfield>
    <subfield code="y">TXB</subfield>
  </datafield>
  <datafield tag="952" ind1=" " ind2=" ">
    <subfield code="0">0</subfield>
    <subfield code="1">0</subfield>
    <subfield code="2">ddc</subfield>
    <subfield code="4">0</subfield>
    <subfield code="7">0</subfield>
    <subfield code="a">12.28</subfield>
    <subfield code="b">12.28</subfield>
    <subfield code="d">2015-01-29</subfield>
    <subfield code="l">0</subfield>
    <subfield code="o">P Year 3 [E]</subfield>
    <subfield code="p">00013098SSW</subfield>
    <subfield code="r">2024-01-23 14:38:13</subfield>
    <subfield code="w">2024-01-23</subfield>
    <subfield code="y">TXB</subfield>
  </datafield>
  <datafield tag="952" ind1=" " ind2=" ">
    <subfield code="0">0</subfield>
    <subfield code="1">0</subfield>
    <subfield code="2">ddc</subfield>
    <subfield code="4">0</subfield>
    <subfield code="7">0</subfield>
    <subfield code="a">12.28</subfield>
    <subfield code="b">12.28</subfield>
    <subfield code="d">2015-01-29</subfield>
    <subfield code="l">1</subfield>
    <subfield code="o">P Year 3 [E]</subfield>
    <subfield code="p">00013101SSW</subfield>
    <subfield code="q">2024-11-29</subfield>
    <subfield code="r">2024-02-20 20:58:03</subfield>
    <subfield code="s">2024-02-20</subfield>
    <subfield code="w">2024-01-23</subfield>
    <subfield code="y">TXB</subfield>
  </datafield>
  <datafield tag="952" ind1=" " ind2=" ">
    <subfield code="0">0</subfield>
    <subfield code="1">0</subfield>
    <subfield code="2">ddc</subfield>
    <subfield code="4">0</subfield>
    <subfield code="7">0</subfield>
    <subfield code="a">12.28</subfield>
    <subfield code="b">12.28</subfield>
    <subfield code="d">2015-01-29</subfield>
    <subfield code="l">1</subfield>
    <subfield code="o">P Year 3 [E]</subfield>
    <subfield code="p">00013103SSW</subfield>
    <subfield code="q">2024-11-29</subfield>
    <subfield code="r">2024-02-20 21:48:23</subfield>
    <subfield code="s">2024-02-20</subfield>
    <subfield code="w">2024-01-23</subfield>
    <subfield code="y">TXB</subfield>
  </datafield>
  <datafield tag="952" ind1=" " ind2=" ">
    <subfield code="0">0</subfield>
    <subfield code="1">0</subfield>
    <subfield code="2">ddc</subfield>
    <subfield code="4">0</subfield>
    <subfield code="7">0</subfield>
    <subfield code="a">12.28</subfield>
    <subfield code="b">12.28</subfield>
    <subfield code="d">2015-02-02</subfield>
    <subfield code="l">1</subfield>
    <subfield code="o">P Year 3 [E]</subfield>
    <subfield code="p">00013109SSW</subfield>
    <subfield code="q">2024-11-29</subfield>
    <subfield code="r">2024-02-21 17:32:00</subfield>
    <subfield code="s">2024-02-21</subfield>
    <subfield code="w">2024-01-23</subfield>
    <subfield code="y">TXB</subfield>
  </datafield>
  <datafield tag="952" ind1=" " ind2=" ">
    <subfield code="0">0</subfield>
    <subfield code="1">0</subfield>
    <subfield code="2">ddc</subfield>
    <subfield code="4">0</subfield>
    <subfield code="7">0</subfield>
    <subfield code="a">12.28</subfield>
    <subfield code="b">12.28</subfield>
    <subfield code="d">2015-02-02</subfield>
    <subfield code="l">1</subfield>
    <subfield code="o">P Year 3 [E]</subfield>
    <subfield code="p">00013112SSW</subfield>
    <subfield code="q">2024-11-29</subfield>
    <subfield code="r">2024-02-21 16:12:07</subfield>
    <subfield code="s">2024-02-21</subfield>
    <subfield code="w">2024-01-23</subfield>
    <subfield code="y">TXB</subfield>
  </datafield>
  <datafield tag="952" ind1=" " ind2=" ">
    <subfield code="0">0</subfield>
    <subfield code="1">0</subfield>
    <subfield code="2">ddc</subfield>
    <subfield code="4">0</subfield>
    <subfield code="7">0</subfield>
    <subfield code="a">12.28</subfield>
    <subfield code="b">12.28</subfield>
    <subfield code="d">2015-02-02</subfield>
    <subfield code="l">1</subfield>
    <subfield code="o">P Year 3 [E]</subfield>
    <subfield code="p">00013117SSW</subfield>
    <subfield code="q">2024-11-29</subfield>
    <subfield code="r">2024-02-20 21:55:41</subfield>
    <subfield code="s">2024-02-20</subfield>
    <subfield code="w">2024-01-23</subfield>
    <subfield code="y">TXB</subfield>
  </datafield>
  <datafield tag="952" ind1=" " ind2=" ">
    <subfield code="0">0</subfield>
    <subfield code="1">0</subfield>
    <subfield code="2">ddc</subfield>
    <subfield code="4">0</subfield>
    <subfield code="7">0</subfield>
    <subfield code="a">12.28</subfield>
    <subfield code="b">12.28</subfield>
    <subfield code="d">2015-02-02</subfield>
    <subfield code="l">1</subfield>
    <subfield code="o">P Year 3 [E]</subfield>
    <subfield code="p">00013120SSW</subfield>
    <subfield code="q">2024-11-29</subfield>
    <subfield code="r">2024-02-20 18:07:40</subfield>
    <subfield code="s">2024-02-20</subfield>
    <subfield code="w">2024-01-23</subfield>
    <subfield code="y">TXB</subfield>
  </datafield>
  <datafield tag="952" ind1=" " ind2=" ">
    <subfield code="0">0</subfield>
    <subfield code="1">0</subfield>
    <subfield code="2">ddc</subfield>
    <subfield code="4">0</subfield>
    <subfield code="7">0</subfield>
    <subfield code="a">12.28</subfield>
    <subfield code="b">12.28</subfield>
    <subfield code="d">2015-02-02</subfield>
    <subfield code="l">1</subfield>
    <subfield code="o">P Year 3 [E]</subfield>
    <subfield code="p">00013125SSW</subfield>
    <subfield code="q">2024-03-30</subfield>
    <subfield code="r">2024-01-30 11:53:17</subfield>
    <subfield code="s">2024-01-30</subfield>
    <subfield code="w">2024-01-23</subfield>
    <subfield code="y">TXB</subfield>
  </datafield>
  <datafield tag="952" ind1=" " ind2=" ">
    <subfield code="0">0</subfield>
    <subfield code="1">0</subfield>
    <subfield code="2">ddc</subfield>
    <subfield code="4">0</subfield>
    <subfield code="7">0</subfield>
    <subfield code="a">12.28</subfield>
    <subfield code="b">12.28</subfield>
    <subfield code="d">2015-02-02</subfield>
    <subfield code="l">1</subfield>
    <subfield code="o">P Year 3 [E]</subfield>
    <subfield code="p">00013128SSW</subfield>
    <subfield code="q">2024-11-29</subfield>
    <subfield code="r">2024-02-20 21:19:49</subfield>
    <subfield code="s">2024-02-20</subfield>
    <subfield code="w">2024-01-23</subfield>
    <subfield code="y">TXB</subfield>
  </datafield>
  <datafield tag="952" ind1=" " ind2=" ">
    <subfield code="0">0</subfield>
    <subfield code="1">0</subfield>
    <subfield code="2">ddc</subfield>
    <subfield code="4">0</subfield>
    <subfield code="7">0</subfield>
    <subfield code="a">12.28</subfield>
    <subfield code="b">12.28</subfield>
    <subfield code="d">2015-09-25</subfield>
    <subfield code="l">0</subfield>
    <subfield code="o">P Year 3 [E]</subfield>
    <subfield code="p">00016860SSW</subfield>
    <subfield code="r">2024-01-23 14:38:14</subfield>
    <subfield code="w">2024-01-23</subfield>
    <subfield code="y">TXB</subfield>
  </datafield>
  <datafield tag="952" ind1=" " ind2=" ">
    <subfield code="0">0</subfield>
    <subfield code="1">0</subfield>
    <subfield code="2">ddc</subfield>
    <subfield code="4">0</subfield>
    <subfield code="7">0</subfield>
    <subfield code="a">12.28</subfield>
    <subfield code="b">12.28</subfield>
    <subfield code="d">2015-09-25</subfield>
    <subfield code="l">1</subfield>
    <subfield code="o">P Year 3 [E]</subfield>
    <subfield code="p">00016863SSW</subfield>
    <subfield code="q">2024-11-29</subfield>
    <subfield code="r">2024-02-21 17:36:17</subfield>
    <subfield code="s">2024-02-21</subfield>
    <subfield code="w">2024-01-23</subfield>
    <subfield code="y">TXB</subfield>
  </datafield>
  <datafield tag="952" ind1=" " ind2=" ">
    <subfield code="0">0</subfield>
    <subfield code="1">0</subfield>
    <subfield code="2">ddc</subfield>
    <subfield code="4">0</subfield>
    <subfield code="7">0</subfield>
    <subfield code="a">12.28</subfield>
    <subfield code="b">12.28</subfield>
    <subfield code="d">2015-09-25</subfield>
    <subfield code="l">0</subfield>
    <subfield code="o">P Year 3 [E]</subfield>
    <subfield code="p">00016868SSW</subfield>
    <subfield code="r">2024-01-23 14:38:14</subfield>
    <subfield code="w">2024-01-23</subfield>
    <subfield code="y">TXB</subfield>
  </datafield>
  <datafield tag="952" ind1=" " ind2=" ">
    <subfield code="0">0</subfield>
    <subfield code="1">0</subfield>
    <subfield code="2">ddc</subfield>
    <subfield code="4">0</subfield>
    <subfield code="7">0</subfield>
    <subfield code="a">12.28</subfield>
    <subfield code="b">12.28</subfield>
    <subfield code="d">2015-09-25</subfield>
    <subfield code="l">1</subfield>
    <subfield code="o">P Year 3 [E]</subfield>
    <subfield code="p">00016871SSW</subfield>
    <subfield code="q">2024-11-29</subfield>
    <subfield code="r">2024-02-20 21:37:13</subfield>
    <subfield code="s">2024-02-20</subfield>
    <subfield code="w">2024-01-23</subfield>
    <subfield code="y">TXB</subfield>
  </datafield>
  <datafield tag="952" ind1=" " ind2=" ">
    <subfield code="0">0</subfield>
    <subfield code="1">0</subfield>
    <subfield code="2">ddc</subfield>
    <subfield code="4">0</subfield>
    <subfield code="7">0</subfield>
    <subfield code="a">12.28</subfield>
    <subfield code="b">12.28</subfield>
    <subfield code="d">2015-09-25</subfield>
    <subfield code="l">0</subfield>
    <subfield code="o">P Year 3 [E]</subfield>
    <subfield code="p">00016876SSW</subfield>
    <subfield code="r">2024-01-23 14:38:14</subfield>
    <subfield code="w">2024-01-23</subfield>
    <subfield code="y">TXB</subfield>
  </datafield>
  <datafield tag="952" ind1=" " ind2=" ">
    <subfield code="0">0</subfield>
    <subfield code="1">0</subfield>
    <subfield code="2">ddc</subfield>
    <subfield code="4">0</subfield>
    <subfield code="7">0</subfield>
    <subfield code="a">12.28</subfield>
    <subfield code="b">12.28</subfield>
    <subfield code="d">2015-09-25</subfield>
    <subfield code="l">1</subfield>
    <subfield code="o">P Year 3 [E]</subfield>
    <subfield code="p">00016879SSW</subfield>
    <subfield code="q">2024-11-29</subfield>
    <subfield code="r">2024-02-20 20:58:48</subfield>
    <subfield code="s">2024-02-20</subfield>
    <subfield code="w">2024-01-23</subfield>
    <subfield code="y">TXB</subfield>
  </datafield>
  <datafield tag="952" ind1=" " ind2=" ">
    <subfield code="0">0</subfield>
    <subfield code="1">0</subfield>
    <subfield code="2">ddc</subfield>
    <subfield code="4">0</subfield>
    <subfield code="7">0</subfield>
    <subfield code="a">12.28</subfield>
    <subfield code="b">12.28</subfield>
    <subfield code="d">2015-09-25</subfield>
    <subfield code="l">1</subfield>
    <subfield code="o">P Year 3 [E]</subfield>
    <subfield code="p">00016886SSW</subfield>
    <subfield code="q">2024-11-29</subfield>
    <subfield code="r">2024-02-20 21:46:43</subfield>
    <subfield code="s">2024-02-20</subfield>
    <subfield code="w">2024-01-23</subfield>
    <subfield code="y">TXB</subfield>
  </datafield>
  <datafield tag="952" ind1=" " ind2=" ">
    <subfield code="0">0</subfield>
    <subfield code="1">0</subfield>
    <subfield code="2">ddc</subfield>
    <subfield code="4">0</subfield>
    <subfield code="7">0</subfield>
    <subfield code="a">12.28</subfield>
    <subfield code="b">12.28</subfield>
    <subfield code="d">2015-09-25</subfield>
    <subfield code="l">0</subfield>
    <subfield code="o">P Year 3 [E]</subfield>
    <subfield code="p">00016891SSW</subfield>
    <subfield code="r">2024-01-23 14:38:14</subfield>
    <subfield code="w">2024-01-23</subfield>
    <subfield code="y">TXB</subfield>
  </datafield>
  <datafield tag="952" ind1=" " ind2=" ">
    <subfield code="0">0</subfield>
    <subfield code="1">0</subfield>
    <subfield code="2">ddc</subfield>
    <subfield code="4">0</subfield>
    <subfield code="7">0</subfield>
    <subfield code="a">12.28</subfield>
    <subfield code="b">12.28</subfield>
    <subfield code="d">2015-09-25</subfield>
    <subfield code="l">1</subfield>
    <subfield code="o">P Year 3 [E]</subfield>
    <subfield code="p">00016898SSW</subfield>
    <subfield code="q">2024-11-29</subfield>
    <subfield code="r">2024-02-21 17:34:28</subfield>
    <subfield code="s">2024-02-21</subfield>
    <subfield code="w">2024-01-23</subfield>
    <subfield code="y">TXB</subfield>
  </datafield>
  <datafield tag="952" ind1=" " ind2=" ">
    <subfield code="0">0</subfield>
    <subfield code="1">0</subfield>
    <subfield code="2">ddc</subfield>
    <subfield code="4">0</subfield>
    <subfield code="7">0</subfield>
    <subfield code="a">12.28</subfield>
    <subfield code="b">12.28</subfield>
    <subfield code="d">2015-09-25</subfield>
    <subfield code="l">0</subfield>
    <subfield code="o">P Year 3 [E]</subfield>
    <subfield code="p">00016901SSW</subfield>
    <subfield code="r">2024-01-23 14:38:14</subfield>
    <subfield code="w">2024-01-23</subfield>
    <subfield code="y">TXB</subfield>
  </datafield>
  <datafield tag="952" ind1=" " ind2=" ">
    <subfield code="0">0</subfield>
    <subfield code="1">0</subfield>
    <subfield code="2">ddc</subfield>
    <subfield code="4">0</subfield>
    <subfield code="7">0</subfield>
    <subfield code="a">12.28</subfield>
    <subfield code="b">12.28</subfield>
    <subfield code="d">2015-09-25</subfield>
    <subfield code="l">1</subfield>
    <subfield code="o">P Year 3 [E]</subfield>
    <subfield code="p">00016906SSW</subfield>
    <subfield code="q">2024-11-29</subfield>
    <subfield code="r">2024-02-20 20:11:41</subfield>
    <subfield code="s">2024-02-20</subfield>
    <subfield code="w">2024-01-23</subfield>
    <subfield code="y">TXB</subfield>
  </datafield>
  <datafield tag="952" ind1=" " ind2=" ">
    <subfield code="0">0</subfield>
    <subfield code="1">0</subfield>
    <subfield code="2">ddc</subfield>
    <subfield code="4">0</subfield>
    <subfield code="7">0</subfield>
    <subfield code="a">12.28</subfield>
    <subfield code="b">12.28</subfield>
    <subfield code="d">2014-02-13</subfield>
    <subfield code="l">1</subfield>
    <subfield code="o">P Year 3 [E]</subfield>
    <subfield code="p">00007118SSW</subfield>
    <subfield code="q">2024-11-29</subfield>
    <subfield code="r">2024-02-20 20:37:59</subfield>
    <subfield code="s">2024-02-20</subfield>
    <subfield code="w">2024-01-23</subfield>
    <subfield code="y">TXB</subfield>
  </datafield>
  <datafield tag="952" ind1=" " ind2=" ">
    <subfield code="0">0</subfield>
    <subfield code="1">0</subfield>
    <subfield code="2">ddc</subfield>
    <subfield code="4">0</subfield>
    <subfield code="7">0</subfield>
    <subfield code="a">12.28</subfield>
    <subfield code="b">12.28</subfield>
    <subfield code="d">2014-02-13</subfield>
    <subfield code="l">1</subfield>
    <subfield code="o">P Year 3 [E]</subfield>
    <subfield code="p">00007123SSW</subfield>
    <subfield code="q">2024-11-29</subfield>
    <subfield code="r">2024-02-20 18:06:52</subfield>
    <subfield code="s">2024-02-20</subfield>
    <subfield code="w">2024-01-23</subfield>
    <subfield code="y">TXB</subfield>
  </datafield>
  <datafield tag="952" ind1=" " ind2=" ">
    <subfield code="0">0</subfield>
    <subfield code="1">0</subfield>
    <subfield code="2">ddc</subfield>
    <subfield code="4">0</subfield>
    <subfield code="7">0</subfield>
    <subfield code="a">12.28</subfield>
    <subfield code="b">12.28</subfield>
    <subfield code="d">2014-02-13</subfield>
    <subfield code="l">0</subfield>
    <subfield code="o">P Year 3 [E]</subfield>
    <subfield code="p">00007126SSW</subfield>
    <subfield code="r">2024-01-23 14:38:14</subfield>
    <subfield code="w">2024-01-23</subfield>
    <subfield code="y">TXB</subfield>
  </datafield>
  <datafield tag="952" ind1=" " ind2=" ">
    <subfield code="0">0</subfield>
    <subfield code="1">0</subfield>
    <subfield code="2">ddc</subfield>
    <subfield code="4">0</subfield>
    <subfield code="7">0</subfield>
    <subfield code="a">12.28</subfield>
    <subfield code="b">12.28</subfield>
    <subfield code="d">2014-02-17</subfield>
    <subfield code="l">0</subfield>
    <subfield code="o">P Year 3 [E]</subfield>
    <subfield code="p">00007218SSW</subfield>
    <subfield code="r">2024-01-23 14:38:14</subfield>
    <subfield code="w">2024-01-23</subfield>
    <subfield code="y">TXB</subfield>
  </datafield>
  <datafield tag="952" ind1=" " ind2=" ">
    <subfield code="0">0</subfield>
    <subfield code="1">0</subfield>
    <subfield code="2">ddc</subfield>
    <subfield code="4">0</subfield>
    <subfield code="7">0</subfield>
    <subfield code="a">12.28</subfield>
    <subfield code="b">12.28</subfield>
    <subfield code="d">2014-02-17</subfield>
    <subfield code="l">1</subfield>
    <subfield code="o">P Year 3 [E]</subfield>
    <subfield code="p">00007223SSW</subfield>
    <subfield code="q">2024-11-29</subfield>
    <subfield code="r">2024-04-05 14:59:06</subfield>
    <subfield code="s">2024-04-05</subfield>
    <subfield code="w">2024-01-23</subfield>
    <subfield code="y">TXB</subfield>
  </datafield>
  <datafield tag="952" ind1=" " ind2=" ">
    <subfield code="0">0</subfield>
    <subfield code="1">0</subfield>
    <subfield code="2">ddc</subfield>
    <subfield code="4">0</subfield>
    <subfield code="7">0</subfield>
    <subfield code="a">12.28</subfield>
    <subfield code="b">12.28</subfield>
    <subfield code="d">2014-02-17</subfield>
    <subfield code="l">1</subfield>
    <subfield code="o">P Year 3 [E]</subfield>
    <subfield code="p">00007228SSW</subfield>
    <subfield code="q">2024-11-29</subfield>
    <subfield code="r">2024-02-20 21:52:36</subfield>
    <subfield code="s">2024-02-20</subfield>
    <subfield code="w">2024-01-23</subfield>
    <subfield code="y">TXB</subfield>
  </datafield>
  <datafield tag="952" ind1=" " ind2=" ">
    <subfield code="0">0</subfield>
    <subfield code="1">0</subfield>
    <subfield code="2">ddc</subfield>
    <subfield code="4">0</subfield>
    <subfield code="7">0</subfield>
    <subfield code="a">12.28</subfield>
    <subfield code="b">12.28</subfield>
    <subfield code="d">2019-03-19</subfield>
    <subfield code="l">0</subfield>
    <subfield code="o">P Year 3 [E]</subfield>
    <subfield code="p">00043223SSW</subfield>
    <subfield code="r">2024-01-23 14:38:14</subfield>
    <subfield code="w">2024-01-23</subfield>
    <subfield code="y">TXB</subfield>
  </datafield>
  <datafield tag="952" ind1=" " ind2=" ">
    <subfield code="0">0</subfield>
    <subfield code="1">0</subfield>
    <subfield code="2">ddc</subfield>
    <subfield code="4">0</subfield>
    <subfield code="7">0</subfield>
    <subfield code="a">12.28</subfield>
    <subfield code="b">12.28</subfield>
    <subfield code="d">2018-12-12</subfield>
    <subfield code="l">1</subfield>
    <subfield code="o">P Year 3 [E]</subfield>
    <subfield code="p">00039553SSW</subfield>
    <subfield code="q">2024-11-29</subfield>
    <subfield code="r">2024-02-20 21:42:08</subfield>
    <subfield code="s">2024-02-20</subfield>
    <subfield code="w">2024-01-23</subfield>
    <subfield code="y">TXB</subfield>
  </datafield>
  <datafield tag="952" ind1=" " ind2=" ">
    <subfield code="0">0</subfield>
    <subfield code="1">0</subfield>
    <subfield code="2">ddc</subfield>
    <subfield code="4">0</subfield>
    <subfield code="7">0</subfield>
    <subfield code="a">12.28</subfield>
    <subfield code="b">12.28</subfield>
    <subfield code="d">2018-12-12</subfield>
    <subfield code="l">1</subfield>
    <subfield code="o">P Year 3 [E]</subfield>
    <subfield code="p">00039551SSW</subfield>
    <subfield code="q">2024-11-29</subfield>
    <subfield code="r">2024-02-20 21:39:50</subfield>
    <subfield code="s">2024-02-20</subfield>
    <subfield code="w">2024-01-23</subfield>
    <subfield code="y">TXB</subfield>
  </datafield>
  <datafield tag="952" ind1=" " ind2=" ">
    <subfield code="0">0</subfield>
    <subfield code="1">0</subfield>
    <subfield code="2">ddc</subfield>
    <subfield code="4">0</subfield>
    <subfield code="7">0</subfield>
    <subfield code="a">12.28</subfield>
    <subfield code="b">12.28</subfield>
    <subfield code="d">2018-12-12</subfield>
    <subfield code="l">1</subfield>
    <subfield code="o">P Year 3 [E]</subfield>
    <subfield code="p">00039552SSW</subfield>
    <subfield code="q">2024-11-29</subfield>
    <subfield code="r">2024-02-20 21:51:29</subfield>
    <subfield code="s">2024-02-20</subfield>
    <subfield code="w">2024-01-23</subfield>
    <subfield code="y">TXB</subfield>
  </datafield>
  <datafield tag="952" ind1=" " ind2=" ">
    <subfield code="0">0</subfield>
    <subfield code="1">0</subfield>
    <subfield code="2">ddc</subfield>
    <subfield code="4">0</subfield>
    <subfield code="7">0</subfield>
    <subfield code="a">12.28</subfield>
    <subfield code="b">12.28</subfield>
    <subfield code="d">2019-03-19</subfield>
    <subfield code="l">1</subfield>
    <subfield code="o">P Year 3 [E]</subfield>
    <subfield code="p">00043222SSW</subfield>
    <subfield code="q">2024-11-29</subfield>
    <subfield code="r">2024-02-21 16:15:12</subfield>
    <subfield code="s">2024-02-21</subfield>
    <subfield code="w">2024-01-23</subfield>
    <subfield code="y">TXB</subfield>
  </datafield>
  <datafield tag="952" ind1=" " ind2=" ">
    <subfield code="0">0</subfield>
    <subfield code="1">0</subfield>
    <subfield code="2">ddc</subfield>
    <subfield code="4">0</subfield>
    <subfield code="7">0</subfield>
    <subfield code="a">12.27</subfield>
    <subfield code="b">12.27</subfield>
    <subfield code="d">2017-12-07</subfield>
    <subfield code="l">1</subfield>
    <subfield code="o">AP Year 3 [E] MOR</subfield>
    <subfield code="p">00030859AGC</subfield>
    <subfield code="q">2024-11-29</subfield>
    <subfield code="r">2024-02-19 18:01:47</subfield>
    <subfield code="s">2024-02-19</subfield>
    <subfield code="w">2024-01-23</subfield>
    <subfield code="y">TXB</subfield>
  </datafield>
  <datafield tag="952" ind1=" " ind2=" ">
    <subfield code="0">0</subfield>
    <subfield code="1">0</subfield>
    <subfield code="2">ddc</subfield>
    <subfield code="4">0</subfield>
    <subfield code="7">0</subfield>
    <subfield code="a">12.28</subfield>
    <subfield code="b">12.28</subfield>
    <subfield code="d">2017-12-07</subfield>
    <subfield code="l">0</subfield>
    <subfield code="o">P Year 3 [E]</subfield>
    <subfield code="p">00030862SSW</subfield>
    <subfield code="r">2024-01-23 14:38:15</subfield>
    <subfield code="w">2024-01-23</subfield>
    <subfield code="y">TXB</subfield>
  </datafield>
  <datafield tag="952" ind1=" " ind2=" ">
    <subfield code="0">0</subfield>
    <subfield code="1">0</subfield>
    <subfield code="2">ddc</subfield>
    <subfield code="4">0</subfield>
    <subfield code="7">0</subfield>
    <subfield code="a">12.28</subfield>
    <subfield code="b">12.28</subfield>
    <subfield code="d">2017-12-07</subfield>
    <subfield code="l">0</subfield>
    <subfield code="o">P Year 3 [E]</subfield>
    <subfield code="p">00030867SSW</subfield>
    <subfield code="r">2024-01-23 14:38:15</subfield>
    <subfield code="w">2024-01-23</subfield>
    <subfield code="y">TXB</subfield>
  </datafield>
  <datafield tag="952" ind1=" " ind2=" ">
    <subfield code="0">0</subfield>
    <subfield code="1">0</subfield>
    <subfield code="2">ddc</subfield>
    <subfield code="4">0</subfield>
    <subfield code="7">0</subfield>
    <subfield code="a">12.28</subfield>
    <subfield code="b">12.28</subfield>
    <subfield code="d">2015-09-25</subfield>
    <subfield code="l">0</subfield>
    <subfield code="o">P Year 3 [E]</subfield>
    <subfield code="p">00016878SSW</subfield>
    <subfield code="r">2024-01-23 14:38:15</subfield>
    <subfield code="w">2024-01-23</subfield>
    <subfield code="y">TXB</subfield>
  </datafield>
  <datafield tag="952" ind1=" " ind2=" ">
    <subfield code="0">0</subfield>
    <subfield code="1">0</subfield>
    <subfield code="2">ddc</subfield>
    <subfield code="4">0</subfield>
    <subfield code="7">0</subfield>
    <subfield code="a">12.28</subfield>
    <subfield code="b">12.28</subfield>
    <subfield code="d">2015-09-25</subfield>
    <subfield code="l">1</subfield>
    <subfield code="o">P Year 3 [E]</subfield>
    <subfield code="p">00016881SSW</subfield>
    <subfield code="q">2024-11-29</subfield>
    <subfield code="r">2024-02-20 20:15:15</subfield>
    <subfield code="s">2024-02-20</subfield>
    <subfield code="w">2024-01-23</subfield>
    <subfield code="y">TXB</subfield>
  </datafield>
  <datafield tag="952" ind1=" " ind2=" ">
    <subfield code="0">0</subfield>
    <subfield code="1">0</subfield>
    <subfield code="2">ddc</subfield>
    <subfield code="4">0</subfield>
    <subfield code="7">0</subfield>
    <subfield code="a">12.28</subfield>
    <subfield code="b">12.28</subfield>
    <subfield code="d">2015-09-25</subfield>
    <subfield code="l">0</subfield>
    <subfield code="o">P Year 3 [E]</subfield>
    <subfield code="p">00016885SSW</subfield>
    <subfield code="r">2024-01-23 14:38:15</subfield>
    <subfield code="w">2024-01-23</subfield>
    <subfield code="y">TXB</subfield>
  </datafield>
  <datafield tag="952" ind1=" " ind2=" ">
    <subfield code="0">0</subfield>
    <subfield code="1">0</subfield>
    <subfield code="2">ddc</subfield>
    <subfield code="4">0</subfield>
    <subfield code="7">0</subfield>
    <subfield code="a">12.28</subfield>
    <subfield code="b">12.28</subfield>
    <subfield code="d">2015-09-25</subfield>
    <subfield code="l">1</subfield>
    <subfield code="o">P Year 3 [E]</subfield>
    <subfield code="p">00016888SSW</subfield>
    <subfield code="q">2024-11-29</subfield>
    <subfield code="r">2024-02-20 21:39:02</subfield>
    <subfield code="s">2024-02-20</subfield>
    <subfield code="w">2024-01-23</subfield>
    <subfield code="y">TXB</subfield>
  </datafield>
  <datafield tag="952" ind1=" " ind2=" ">
    <subfield code="0">0</subfield>
    <subfield code="1">0</subfield>
    <subfield code="2">ddc</subfield>
    <subfield code="4">0</subfield>
    <subfield code="7">0</subfield>
    <subfield code="a">12.28</subfield>
    <subfield code="b">12.28</subfield>
    <subfield code="d">2015-09-25</subfield>
    <subfield code="l">1</subfield>
    <subfield code="o">P Year 3 [E]</subfield>
    <subfield code="p">00016895SSW</subfield>
    <subfield code="q">2024-11-29</subfield>
    <subfield code="r">2024-02-21 17:04:58</subfield>
    <subfield code="s">2024-02-21</subfield>
    <subfield code="w">2024-01-23</subfield>
    <subfield code="y">TXB</subfield>
  </datafield>
  <datafield tag="952" ind1=" " ind2=" ">
    <subfield code="0">0</subfield>
    <subfield code="1">0</subfield>
    <subfield code="2">ddc</subfield>
    <subfield code="4">0</subfield>
    <subfield code="7">0</subfield>
    <subfield code="a">12.28</subfield>
    <subfield code="b">12.28</subfield>
    <subfield code="d">2015-09-25</subfield>
    <subfield code="l">1</subfield>
    <subfield code="o">P Year 3 [E]</subfield>
    <subfield code="p">00016900SSW</subfield>
    <subfield code="q">2024-11-29</subfield>
    <subfield code="r">2024-02-20 18:10:26</subfield>
    <subfield code="s">2024-02-20</subfield>
    <subfield code="w">2024-01-23</subfield>
    <subfield code="y">TXB</subfield>
  </datafield>
  <datafield tag="952" ind1=" " ind2=" ">
    <subfield code="0">0</subfield>
    <subfield code="1">0</subfield>
    <subfield code="2">ddc</subfield>
    <subfield code="4">0</subfield>
    <subfield code="7">0</subfield>
    <subfield code="a">12.28</subfield>
    <subfield code="b">12.28</subfield>
    <subfield code="d">2015-09-25</subfield>
    <subfield code="l">0</subfield>
    <subfield code="o">P Year 3 [E]</subfield>
    <subfield code="p">00016903SSW</subfield>
    <subfield code="r">2024-01-23 14:38:15</subfield>
    <subfield code="w">2024-01-23</subfield>
    <subfield code="y">TXB</subfield>
  </datafield>
  <datafield tag="952" ind1=" " ind2=" ">
    <subfield code="0">0</subfield>
    <subfield code="1">0</subfield>
    <subfield code="2">ddc</subfield>
    <subfield code="4">0</subfield>
    <subfield code="7">0</subfield>
    <subfield code="a">12.28</subfield>
    <subfield code="b">12.28</subfield>
    <subfield code="d">2015-09-25</subfield>
    <subfield code="l">0</subfield>
    <subfield code="o">P Year 3 [E]</subfield>
    <subfield code="p">00016908SSW</subfield>
    <subfield code="r">2024-01-23 14:38:15</subfield>
    <subfield code="w">2024-01-23</subfield>
    <subfield code="y">TXB</subfield>
  </datafield>
  <datafield tag="952" ind1=" " ind2=" ">
    <subfield code="0">0</subfield>
    <subfield code="1">0</subfield>
    <subfield code="2">ddc</subfield>
    <subfield code="4">0</subfield>
    <subfield code="7">0</subfield>
    <subfield code="a">12.28</subfield>
    <subfield code="b">12.28</subfield>
    <subfield code="d">2017-12-07</subfield>
    <subfield code="l">1</subfield>
    <subfield code="o">P Year 3 [E]</subfield>
    <subfield code="p">00030861SSW</subfield>
    <subfield code="q">2024-11-29</subfield>
    <subfield code="r">2024-02-20 21:48:47</subfield>
    <subfield code="s">2024-02-20</subfield>
    <subfield code="w">2024-01-23</subfield>
    <subfield code="y">TXB</subfield>
  </datafield>
  <datafield tag="952" ind1=" " ind2=" ">
    <subfield code="0">0</subfield>
    <subfield code="1">0</subfield>
    <subfield code="2">ddc</subfield>
    <subfield code="4">0</subfield>
    <subfield code="7">0</subfield>
    <subfield code="a">12.28</subfield>
    <subfield code="b">12.28</subfield>
    <subfield code="d">2017-12-07</subfield>
    <subfield code="l">1</subfield>
    <subfield code="o">P Year 3 [E]</subfield>
    <subfield code="p">00030864SSW</subfield>
    <subfield code="q">2024-11-29</subfield>
    <subfield code="r">2024-02-20 21:46:02</subfield>
    <subfield code="s">2024-02-20</subfield>
    <subfield code="w">2024-01-23</subfield>
    <subfield code="y">TXB</subfield>
  </datafield>
  <datafield tag="952" ind1=" " ind2=" ">
    <subfield code="0">0</subfield>
    <subfield code="1">0</subfield>
    <subfield code="2">ddc</subfield>
    <subfield code="4">0</subfield>
    <subfield code="7">0</subfield>
    <subfield code="a">12.28</subfield>
    <subfield code="b">12.28</subfield>
    <subfield code="d">2017-12-07</subfield>
    <subfield code="l">1</subfield>
    <subfield code="o">P Year 3 [E]</subfield>
    <subfield code="p">00030869SSW</subfield>
    <subfield code="q">2024-11-29</subfield>
    <subfield code="r">2024-02-21 16:51:36</subfield>
    <subfield code="s">2024-02-21</subfield>
    <subfield code="w">2024-01-23</subfield>
    <subfield code="y">TXB</subfield>
  </datafield>
  <datafield tag="952" ind1=" " ind2=" ">
    <subfield code="0">0</subfield>
    <subfield code="1">0</subfield>
    <subfield code="2">ddc</subfield>
    <subfield code="4">0</subfield>
    <subfield code="7">0</subfield>
    <subfield code="a">12.27</subfield>
    <subfield code="b">12.27</subfield>
    <subfield code="d">2017-12-07</subfield>
    <subfield code="l">0</subfield>
    <subfield code="o">AP Year 3 [E] MOR</subfield>
    <subfield code="p">00030858AGC</subfield>
    <subfield code="r">2024-01-23 14:38:15</subfield>
    <subfield code="w">2024-01-23</subfield>
    <subfield code="y">TXB</subfield>
  </datafield>
  <datafield tag="952" ind1=" " ind2=" ">
    <subfield code="0">0</subfield>
    <subfield code="1">0</subfield>
    <subfield code="2">ddc</subfield>
    <subfield code="4">0</subfield>
    <subfield code="7">0</subfield>
    <subfield code="a">12.28</subfield>
    <subfield code="b">12.28</subfield>
    <subfield code="d">2017-12-07</subfield>
    <subfield code="l">1</subfield>
    <subfield code="o">P Year 3 [E]</subfield>
    <subfield code="p">00030863SSW</subfield>
    <subfield code="q">2024-11-29</subfield>
    <subfield code="r">2024-02-21 16:15:44</subfield>
    <subfield code="s">2024-02-21</subfield>
    <subfield code="w">2024-01-23</subfield>
    <subfield code="y">TXB</subfield>
  </datafield>
  <datafield tag="952" ind1=" " ind2=" ">
    <subfield code="0">0</subfield>
    <subfield code="1">0</subfield>
    <subfield code="2">ddc</subfield>
    <subfield code="4">0</subfield>
    <subfield code="7">0</subfield>
    <subfield code="a">12.28</subfield>
    <subfield code="b">12.28</subfield>
    <subfield code="d">2017-12-07</subfield>
    <subfield code="l">0</subfield>
    <subfield code="o">P Year 3 [E]</subfield>
    <subfield code="p">00030866SSW</subfield>
    <subfield code="r">2024-01-23 14:38:15</subfield>
    <subfield code="w">2024-01-23</subfield>
    <subfield code="y">TXB</subfield>
  </datafield>
  <datafield tag="952" ind1=" " ind2=" ">
    <subfield code="0">0</subfield>
    <subfield code="1">0</subfield>
    <subfield code="2">ddc</subfield>
    <subfield code="4">0</subfield>
    <subfield code="7">0</subfield>
    <subfield code="a">12.28</subfield>
    <subfield code="b">12.28</subfield>
    <subfield code="d">2015-03-13</subfield>
    <subfield code="l">1</subfield>
    <subfield code="o">P Year 3 [E]</subfield>
    <subfield code="p">00014358SSW</subfield>
    <subfield code="q">2024-11-29</subfield>
    <subfield code="r">2024-02-20 20:12:19</subfield>
    <subfield code="s">2024-02-20</subfield>
    <subfield code="w">2024-01-23</subfield>
    <subfield code="y">TXB</subfield>
  </datafield>
  <datafield tag="952" ind1=" " ind2=" ">
    <subfield code="0">0</subfield>
    <subfield code="1">0</subfield>
    <subfield code="2">ddc</subfield>
    <subfield code="4">0</subfield>
    <subfield code="7">0</subfield>
    <subfield code="a">12.28</subfield>
    <subfield code="b">12.28</subfield>
    <subfield code="d">2015-03-13</subfield>
    <subfield code="l">1</subfield>
    <subfield code="o">P Year 3 [E]</subfield>
    <subfield code="p">00014363SSW</subfield>
    <subfield code="q">2024-11-29</subfield>
    <subfield code="r">2024-02-20 21:34:12</subfield>
    <subfield code="s">2024-02-20</subfield>
    <subfield code="w">2024-01-23</subfield>
    <subfield code="y">TXB</subfield>
  </datafield>
  <datafield tag="952" ind1=" " ind2=" ">
    <subfield code="0">0</subfield>
    <subfield code="1">0</subfield>
    <subfield code="2">ddc</subfield>
    <subfield code="4">0</subfield>
    <subfield code="7">0</subfield>
    <subfield code="a">12.28</subfield>
    <subfield code="b">12.28</subfield>
    <subfield code="d">2015-09-25</subfield>
    <subfield code="l">1</subfield>
    <subfield code="o">P Year 3 [E]</subfield>
    <subfield code="p">00016862SSW</subfield>
    <subfield code="q">2024-11-29</subfield>
    <subfield code="r">2024-02-20 21:33:26</subfield>
    <subfield code="s">2024-02-20</subfield>
    <subfield code="w">2024-01-23</subfield>
    <subfield code="y">TXB</subfield>
  </datafield>
  <datafield tag="952" ind1=" " ind2=" ">
    <subfield code="0">0</subfield>
    <subfield code="1">0</subfield>
    <subfield code="2">ddc</subfield>
    <subfield code="4">0</subfield>
    <subfield code="7">0</subfield>
    <subfield code="a">12.28</subfield>
    <subfield code="b">12.28</subfield>
    <subfield code="d">2015-09-25</subfield>
    <subfield code="l">0</subfield>
    <subfield code="o">P Year 3 [E]</subfield>
    <subfield code="p">00016865SSW</subfield>
    <subfield code="r">2024-01-23 14:38:15</subfield>
    <subfield code="w">2024-01-23</subfield>
    <subfield code="y">TXB</subfield>
  </datafield>
  <datafield tag="952" ind1=" " ind2=" ">
    <subfield code="0">0</subfield>
    <subfield code="1">0</subfield>
    <subfield code="2">ddc</subfield>
    <subfield code="4">0</subfield>
    <subfield code="7">0</subfield>
    <subfield code="a">12.27</subfield>
    <subfield code="b">12.27</subfield>
    <subfield code="d">2015-09-25</subfield>
    <subfield code="l">1</subfield>
    <subfield code="o">AP Year 3 [E] MOR</subfield>
    <subfield code="p">00016870AGC</subfield>
    <subfield code="q">2024-11-29</subfield>
    <subfield code="r">2024-02-19 18:51:38</subfield>
    <subfield code="s">2024-02-19</subfield>
    <subfield code="w">2024-01-23</subfield>
    <subfield code="y">TXB</subfield>
  </datafield>
  <datafield tag="952" ind1=" " ind2=" ">
    <subfield code="0">0</subfield>
    <subfield code="1">0</subfield>
    <subfield code="2">ddc</subfield>
    <subfield code="4">0</subfield>
    <subfield code="7">0</subfield>
    <subfield code="a">12.28</subfield>
    <subfield code="b">12.28</subfield>
    <subfield code="d">2015-09-25</subfield>
    <subfield code="l">1</subfield>
    <subfield code="o">P Year 3 [E]</subfield>
    <subfield code="p">00016873SSW</subfield>
    <subfield code="q">2024-11-29</subfield>
    <subfield code="r">2024-02-20 21:43:31</subfield>
    <subfield code="s">2024-02-20</subfield>
    <subfield code="w">2024-01-23</subfield>
    <subfield code="y">TXB</subfield>
  </datafield>
  <datafield tag="952" ind1=" " ind2=" ">
    <subfield code="0">0</subfield>
    <subfield code="1">0</subfield>
    <subfield code="2">ddc</subfield>
    <subfield code="4">0</subfield>
    <subfield code="7">0</subfield>
    <subfield code="a">12.28</subfield>
    <subfield code="b">12.28</subfield>
    <subfield code="d">2017-02-20</subfield>
    <subfield code="l">2</subfield>
    <subfield code="o">P Year 3 [E]</subfield>
    <subfield code="p">00028016SSW</subfield>
    <subfield code="q">2024-11-29</subfield>
    <subfield code="r">2024-02-20 18:01:50</subfield>
    <subfield code="s">2024-02-20</subfield>
    <subfield code="w">2024-01-23</subfield>
    <subfield code="y">TXB</subfield>
  </datafield>
  <datafield tag="952" ind1=" " ind2=" ">
    <subfield code="0">0</subfield>
    <subfield code="1">0</subfield>
    <subfield code="2">ddc</subfield>
    <subfield code="4">0</subfield>
    <subfield code="7">0</subfield>
    <subfield code="a">12.28</subfield>
    <subfield code="b">12.28</subfield>
    <subfield code="d">2016-08-12</subfield>
    <subfield code="l">1</subfield>
    <subfield code="o">P YEAR 3 [E]</subfield>
    <subfield code="p">00013115SSW</subfield>
    <subfield code="q">2024-11-29</subfield>
    <subfield code="r">2024-02-21 17:35:43</subfield>
    <subfield code="s">2024-02-21</subfield>
    <subfield code="w">2024-01-23</subfield>
    <subfield code="y">TXB</subfield>
  </datafield>
  <datafield tag="952" ind1=" " ind2=" ">
    <subfield code="0">0</subfield>
    <subfield code="1">0</subfield>
    <subfield code="2">ddc</subfield>
    <subfield code="4">0</subfield>
    <subfield code="7">0</subfield>
    <subfield code="a">12.28</subfield>
    <subfield code="b">12.28</subfield>
    <subfield code="d">2015-01-29</subfield>
    <subfield code="l">1</subfield>
    <subfield code="o">P Year 3 [E]</subfield>
    <subfield code="p">00013075SSW</subfield>
    <subfield code="q">2024-11-29</subfield>
    <subfield code="r">2024-02-20 18:14:19</subfield>
    <subfield code="s">2024-02-20</subfield>
    <subfield code="w">2024-01-23</subfield>
    <subfield code="y">TXB</subfield>
  </datafield>
  <datafield tag="952" ind1=" " ind2=" ">
    <subfield code="0">0</subfield>
    <subfield code="1">0</subfield>
    <subfield code="2">ddc</subfield>
    <subfield code="4">0</subfield>
    <subfield code="7">0</subfield>
    <subfield code="a">12.28</subfield>
    <subfield code="b">12.28</subfield>
    <subfield code="d">2015-01-29</subfield>
    <subfield code="l">1</subfield>
    <subfield code="o">P Year 3 [E]</subfield>
    <subfield code="p">00013080SSW</subfield>
    <subfield code="r">2024-04-30 18:11:45</subfield>
    <subfield code="s">2024-02-21</subfield>
    <subfield code="w">2024-01-23</subfield>
    <subfield code="y">TXB</subfield>
  </datafield>
  <datafield tag="952" ind1=" " ind2=" ">
    <subfield code="0">0</subfield>
    <subfield code="1">0</subfield>
    <subfield code="2">ddc</subfield>
    <subfield code="4">0</subfield>
    <subfield code="7">0</subfield>
    <subfield code="a">12.28</subfield>
    <subfield code="b">12.28</subfield>
    <subfield code="d">2015-01-29</subfield>
    <subfield code="l">1</subfield>
    <subfield code="o">P Year 3 [E]</subfield>
    <subfield code="p">00013091SSW</subfield>
    <subfield code="q">2024-11-29</subfield>
    <subfield code="r">2024-02-20 21:26:15</subfield>
    <subfield code="s">2024-02-20</subfield>
    <subfield code="w">2024-01-23</subfield>
    <subfield code="y">TXB</subfield>
  </datafield>
  <datafield tag="952" ind1=" " ind2=" ">
    <subfield code="0">0</subfield>
    <subfield code="1">0</subfield>
    <subfield code="2">ddc</subfield>
    <subfield code="4">0</subfield>
    <subfield code="7">0</subfield>
    <subfield code="a">12.28</subfield>
    <subfield code="b">12.28</subfield>
    <subfield code="d">2015-01-29</subfield>
    <subfield code="l">1</subfield>
    <subfield code="o">P Year 3 [E]</subfield>
    <subfield code="p">00013096SSW</subfield>
    <subfield code="q">2024-11-29</subfield>
    <subfield code="r">2024-02-20 21:01:11</subfield>
    <subfield code="s">2024-02-20</subfield>
    <subfield code="w">2024-01-23</subfield>
    <subfield code="y">TXB</subfield>
  </datafield>
  <datafield tag="952" ind1=" " ind2=" ">
    <subfield code="0">0</subfield>
    <subfield code="1">0</subfield>
    <subfield code="2">ddc</subfield>
    <subfield code="4">0</subfield>
    <subfield code="7">0</subfield>
    <subfield code="a">12.28</subfield>
    <subfield code="b">12.28</subfield>
    <subfield code="d">2015-01-29</subfield>
    <subfield code="l">1</subfield>
    <subfield code="o">P Year 3 [E]</subfield>
    <subfield code="p">00013099SSW</subfield>
    <subfield code="q">2024-11-29</subfield>
    <subfield code="r">2024-02-21 17:29:48</subfield>
    <subfield code="s">2024-02-21</subfield>
    <subfield code="w">2024-01-23</subfield>
    <subfield code="y">TXB</subfield>
  </datafield>
  <datafield tag="952" ind1=" " ind2=" ">
    <subfield code="0">0</subfield>
    <subfield code="1">0</subfield>
    <subfield code="2">ddc</subfield>
    <subfield code="4">0</subfield>
    <subfield code="7">0</subfield>
    <subfield code="a">12.28</subfield>
    <subfield code="b">12.28</subfield>
    <subfield code="d">2015-01-29</subfield>
    <subfield code="l">1</subfield>
    <subfield code="o">P Year 3 [E]</subfield>
    <subfield code="p">00013104SSW</subfield>
    <subfield code="q">2024-11-29</subfield>
    <subfield code="r">2024-02-20 21:49:39</subfield>
    <subfield code="s">2024-02-20</subfield>
    <subfield code="w">2024-01-23</subfield>
    <subfield code="y">TXB</subfield>
  </datafield>
  <datafield tag="952" ind1=" " ind2=" ">
    <subfield code="0">0</subfield>
    <subfield code="1">0</subfield>
    <subfield code="2">ddc</subfield>
    <subfield code="4">0</subfield>
    <subfield code="7">0</subfield>
    <subfield code="a">12.28</subfield>
    <subfield code="b">12.28</subfield>
    <subfield code="d">2015-02-02</subfield>
    <subfield code="l">1</subfield>
    <subfield code="o">P Year 3 [E]</subfield>
    <subfield code="p">00013110SSW</subfield>
    <subfield code="q">2024-11-29</subfield>
    <subfield code="r">2024-02-21 16:21:18</subfield>
    <subfield code="s">2024-02-21</subfield>
    <subfield code="w">2024-01-23</subfield>
    <subfield code="y">TXB</subfield>
  </datafield>
  <datafield tag="952" ind1=" " ind2=" ">
    <subfield code="0">0</subfield>
    <subfield code="1">0</subfield>
    <subfield code="2">ddc</subfield>
    <subfield code="4">0</subfield>
    <subfield code="7">0</subfield>
    <subfield code="a">12.28</subfield>
    <subfield code="b">12.28</subfield>
    <subfield code="d">2015-02-02</subfield>
    <subfield code="l">1</subfield>
    <subfield code="o">P Year 3 [E]</subfield>
    <subfield code="p">00013118SSW</subfield>
    <subfield code="q">2024-11-29</subfield>
    <subfield code="r">2024-02-20 21:38:28</subfield>
    <subfield code="s">2024-02-20</subfield>
    <subfield code="w">2024-01-23</subfield>
    <subfield code="y">TXB</subfield>
  </datafield>
  <datafield tag="952" ind1=" " ind2=" ">
    <subfield code="0">0</subfield>
    <subfield code="1">0</subfield>
    <subfield code="2">ddc</subfield>
    <subfield code="4">0</subfield>
    <subfield code="7">0</subfield>
    <subfield code="a">12.28</subfield>
    <subfield code="b">12.28</subfield>
    <subfield code="d">2015-02-02</subfield>
    <subfield code="l">0</subfield>
    <subfield code="o">P Year 3 [E]</subfield>
    <subfield code="p">00013123SSW</subfield>
    <subfield code="r">2024-01-23 14:38:16</subfield>
    <subfield code="w">2024-01-23</subfield>
    <subfield code="y">TXB</subfield>
  </datafield>
  <datafield tag="952" ind1=" " ind2=" ">
    <subfield code="0">0</subfield>
    <subfield code="1">0</subfield>
    <subfield code="2">ddc</subfield>
    <subfield code="4">0</subfield>
    <subfield code="7">0</subfield>
    <subfield code="a">12.28</subfield>
    <subfield code="b">12.28</subfield>
    <subfield code="d">2015-02-02</subfield>
    <subfield code="l">0</subfield>
    <subfield code="o">P Year 3 [E]</subfield>
    <subfield code="p">00013126SSW</subfield>
    <subfield code="r">2024-01-23 14:38:16</subfield>
    <subfield code="w">2024-01-23</subfield>
    <subfield code="y">TXB</subfield>
  </datafield>
  <datafield tag="952" ind1=" " ind2=" ">
    <subfield code="0">0</subfield>
    <subfield code="1">0</subfield>
    <subfield code="2">ddc</subfield>
    <subfield code="4">0</subfield>
    <subfield code="7">0</subfield>
    <subfield code="a">12.28</subfield>
    <subfield code="b">12.28</subfield>
    <subfield code="d">2015-02-04</subfield>
    <subfield code="l">0</subfield>
    <subfield code="o">P Year 3 [E]</subfield>
    <subfield code="p">00013129SSW</subfield>
    <subfield code="r">2024-01-23 14:38:16</subfield>
    <subfield code="w">2024-01-23</subfield>
    <subfield code="y">TXB</subfield>
  </datafield>
  <datafield tag="952" ind1=" " ind2=" ">
    <subfield code="0">0</subfield>
    <subfield code="1">0</subfield>
    <subfield code="2">ddc</subfield>
    <subfield code="4">0</subfield>
    <subfield code="7">0</subfield>
    <subfield code="a">12.28</subfield>
    <subfield code="b">12.28</subfield>
    <subfield code="d">2015-03-13</subfield>
    <subfield code="l">1</subfield>
    <subfield code="o">P Year 3 [E]</subfield>
    <subfield code="p">00014359SSW</subfield>
    <subfield code="q">2024-11-29</subfield>
    <subfield code="r">2024-02-20 20:48:12</subfield>
    <subfield code="s">2024-02-20</subfield>
    <subfield code="w">2024-01-23</subfield>
    <subfield code="y">TXB</subfield>
  </datafield>
  <datafield tag="952" ind1=" " ind2=" ">
    <subfield code="0">0</subfield>
    <subfield code="1">0</subfield>
    <subfield code="2">ddc</subfield>
    <subfield code="4">0</subfield>
    <subfield code="7">0</subfield>
    <subfield code="a">12.28</subfield>
    <subfield code="b">12.28</subfield>
    <subfield code="d">2015-03-13</subfield>
    <subfield code="l">0</subfield>
    <subfield code="o">P Year 3 [E]</subfield>
    <subfield code="p">00014362SSW</subfield>
    <subfield code="r">2024-01-23 14:38:16</subfield>
    <subfield code="w">2024-01-23</subfield>
    <subfield code="y">TXB</subfield>
  </datafield>
  <datafield tag="952" ind1=" " ind2=" ">
    <subfield code="0">0</subfield>
    <subfield code="1">0</subfield>
    <subfield code="2">ddc</subfield>
    <subfield code="4">0</subfield>
    <subfield code="7">0</subfield>
    <subfield code="a">12.28</subfield>
    <subfield code="b">12.28</subfield>
    <subfield code="d">2015-03-13</subfield>
    <subfield code="l">0</subfield>
    <subfield code="o">P Year 3 [E]</subfield>
    <subfield code="p">00014367SSW</subfield>
    <subfield code="r">2024-01-23 14:38:16</subfield>
    <subfield code="w">2024-01-23</subfield>
    <subfield code="y">TXB</subfield>
  </datafield>
  <datafield tag="952" ind1=" " ind2=" ">
    <subfield code="0">0</subfield>
    <subfield code="1">0</subfield>
    <subfield code="2">ddc</subfield>
    <subfield code="4">0</subfield>
    <subfield code="7">0</subfield>
    <subfield code="a">12.28</subfield>
    <subfield code="b">12.28</subfield>
    <subfield code="d">2015-03-13</subfield>
    <subfield code="l">1</subfield>
    <subfield code="o">P Year 3 [E]</subfield>
    <subfield code="p">00014360SSW</subfield>
    <subfield code="q">2024-11-29</subfield>
    <subfield code="r">2024-02-20 21:42:53</subfield>
    <subfield code="s">2024-02-20</subfield>
    <subfield code="w">2024-01-23</subfield>
    <subfield code="y">TXB</subfield>
  </datafield>
  <datafield tag="952" ind1=" " ind2=" ">
    <subfield code="0">0</subfield>
    <subfield code="1">0</subfield>
    <subfield code="2">ddc</subfield>
    <subfield code="4">0</subfield>
    <subfield code="7">0</subfield>
    <subfield code="a">12.28</subfield>
    <subfield code="b">12.28</subfield>
    <subfield code="d">2015-01-29</subfield>
    <subfield code="l">0</subfield>
    <subfield code="o">P Year 3 [E]</subfield>
    <subfield code="p">00013078SSW</subfield>
    <subfield code="r">2024-01-23 14:38:16</subfield>
    <subfield code="w">2024-01-23</subfield>
    <subfield code="y">TXB</subfield>
  </datafield>
  <datafield tag="952" ind1=" " ind2=" ">
    <subfield code="0">0</subfield>
    <subfield code="1">0</subfield>
    <subfield code="2">ddc</subfield>
    <subfield code="4">0</subfield>
    <subfield code="7">0</subfield>
    <subfield code="a">12.28</subfield>
    <subfield code="b">12.28</subfield>
    <subfield code="d">2015-01-29</subfield>
    <subfield code="l">1</subfield>
    <subfield code="o">P Year 3 [E]</subfield>
    <subfield code="p">00013083SSW</subfield>
    <subfield code="q">2024-11-29</subfield>
    <subfield code="r">2024-02-21 16:48:45</subfield>
    <subfield code="s">2024-02-21</subfield>
    <subfield code="w">2024-01-23</subfield>
    <subfield code="y">TXB</subfield>
  </datafield>
  <datafield tag="952" ind1=" " ind2=" ">
    <subfield code="0">0</subfield>
    <subfield code="1">0</subfield>
    <subfield code="2">ddc</subfield>
    <subfield code="4">0</subfield>
    <subfield code="7">0</subfield>
    <subfield code="a">12.28</subfield>
    <subfield code="b">12.28</subfield>
    <subfield code="d">2015-01-29</subfield>
    <subfield code="l">1</subfield>
    <subfield code="o">P Year 3 [E]</subfield>
    <subfield code="p">00013094SSW</subfield>
    <subfield code="q">2024-11-29</subfield>
    <subfield code="r">2024-02-20 21:52:01</subfield>
    <subfield code="s">2024-02-20</subfield>
    <subfield code="w">2024-01-23</subfield>
    <subfield code="y">TXB</subfield>
  </datafield>
  <datafield tag="952" ind1=" " ind2=" ">
    <subfield code="0">0</subfield>
    <subfield code="1">0</subfield>
    <subfield code="2">ddc</subfield>
    <subfield code="4">0</subfield>
    <subfield code="7">0</subfield>
    <subfield code="a">12.28</subfield>
    <subfield code="b">12.28</subfield>
    <subfield code="d">2015-01-29</subfield>
    <subfield code="l">0</subfield>
    <subfield code="o">P Year 3 [E]</subfield>
    <subfield code="p">00013097SSW</subfield>
    <subfield code="r">2024-01-23 14:38:16</subfield>
    <subfield code="w">2024-01-23</subfield>
    <subfield code="y">TXB</subfield>
  </datafield>
  <datafield tag="952" ind1=" " ind2=" ">
    <subfield code="0">0</subfield>
    <subfield code="1">0</subfield>
    <subfield code="2">ddc</subfield>
    <subfield code="4">0</subfield>
    <subfield code="7">0</subfield>
    <subfield code="a">12.28</subfield>
    <subfield code="b">12.28</subfield>
    <subfield code="d">2015-01-29</subfield>
    <subfield code="l">1</subfield>
    <subfield code="o">P Year 3 [E]</subfield>
    <subfield code="p">00013102SSW</subfield>
    <subfield code="q">2024-11-29</subfield>
    <subfield code="r">2024-02-20 21:31:32</subfield>
    <subfield code="s">2024-02-20</subfield>
    <subfield code="w">2024-01-23</subfield>
    <subfield code="y">TXB</subfield>
  </datafield>
  <datafield tag="952" ind1=" " ind2=" ">
    <subfield code="0">0</subfield>
    <subfield code="1">0</subfield>
    <subfield code="2">ddc</subfield>
    <subfield code="4">0</subfield>
    <subfield code="7">0</subfield>
    <subfield code="a">12.28</subfield>
    <subfield code="b">12.28</subfield>
    <subfield code="d">2015-02-02</subfield>
    <subfield code="l">1</subfield>
    <subfield code="o">P Year 3 [E]</subfield>
    <subfield code="p">00013105SSW</subfield>
    <subfield code="q">2024-11-29</subfield>
    <subfield code="r">2024-02-21 16:46:24</subfield>
    <subfield code="s">2024-02-21</subfield>
    <subfield code="w">2024-01-23</subfield>
    <subfield code="y">TXB</subfield>
  </datafield>
  <datafield tag="952" ind1=" " ind2=" ">
    <subfield code="0">0</subfield>
    <subfield code="1">0</subfield>
    <subfield code="2">ddc</subfield>
    <subfield code="4">0</subfield>
    <subfield code="7">0</subfield>
    <subfield code="a">12.28</subfield>
    <subfield code="b">12.28</subfield>
    <subfield code="d">2015-02-02</subfield>
    <subfield code="l">1</subfield>
    <subfield code="o">P Year 3 [E]</subfield>
    <subfield code="p">00013108SSW</subfield>
    <subfield code="q">2024-11-29</subfield>
    <subfield code="r">2024-02-20 18:15:10</subfield>
    <subfield code="s">2024-02-20</subfield>
    <subfield code="w">2024-01-23</subfield>
    <subfield code="y">TXB</subfield>
  </datafield>
  <datafield tag="952" ind1=" " ind2=" ">
    <subfield code="0">0</subfield>
    <subfield code="1">0</subfield>
    <subfield code="2">ddc</subfield>
    <subfield code="4">0</subfield>
    <subfield code="7">0</subfield>
    <subfield code="a">12.28</subfield>
    <subfield code="b">12.28</subfield>
    <subfield code="d">2015-02-02</subfield>
    <subfield code="l">1</subfield>
    <subfield code="o">P Year 3 [E]</subfield>
    <subfield code="p">00013113SSW</subfield>
    <subfield code="q">2024-11-29</subfield>
    <subfield code="r">2024-02-21 16:45:37</subfield>
    <subfield code="s">2024-02-21</subfield>
    <subfield code="w">2024-01-23</subfield>
    <subfield code="y">TXB</subfield>
  </datafield>
  <datafield tag="952" ind1=" " ind2=" ">
    <subfield code="0">0</subfield>
    <subfield code="1">0</subfield>
    <subfield code="2">ddc</subfield>
    <subfield code="4">0</subfield>
    <subfield code="7">0</subfield>
    <subfield code="a">12.28</subfield>
    <subfield code="b">12.28</subfield>
    <subfield code="d">2015-02-02</subfield>
    <subfield code="l">0</subfield>
    <subfield code="o">P Year 3 [E]</subfield>
    <subfield code="p">00013116SSW</subfield>
    <subfield code="r">2024-01-23 14:38:16</subfield>
    <subfield code="w">2024-01-23</subfield>
    <subfield code="y">TXB</subfield>
  </datafield>
  <datafield tag="952" ind1=" " ind2=" ">
    <subfield code="0">0</subfield>
    <subfield code="1">0</subfield>
    <subfield code="2">ddc</subfield>
    <subfield code="4">0</subfield>
    <subfield code="7">0</subfield>
    <subfield code="a">12.28</subfield>
    <subfield code="b">12.28</subfield>
    <subfield code="d">2015-02-02</subfield>
    <subfield code="l">0</subfield>
    <subfield code="o">P Year 3 [E]</subfield>
    <subfield code="p">00013121SSW</subfield>
    <subfield code="r">2024-01-23 14:38:16</subfield>
    <subfield code="w">2024-01-23</subfield>
    <subfield code="y">TXB</subfield>
  </datafield>
  <datafield tag="952" ind1=" " ind2=" ">
    <subfield code="0">0</subfield>
    <subfield code="1">0</subfield>
    <subfield code="2">ddc</subfield>
    <subfield code="4">0</subfield>
    <subfield code="7">0</subfield>
    <subfield code="a">12.28</subfield>
    <subfield code="b">12.28</subfield>
    <subfield code="d">2015-02-02</subfield>
    <subfield code="l">0</subfield>
    <subfield code="o">P Year 3 [E]</subfield>
    <subfield code="p">00013124SSW</subfield>
    <subfield code="r">2024-01-23 14:38:16</subfield>
    <subfield code="w">2024-01-23</subfield>
    <subfield code="y">TXB</subfield>
  </datafield>
  <datafield tag="952" ind1=" " ind2=" ">
    <subfield code="0">0</subfield>
    <subfield code="1">0</subfield>
    <subfield code="2">ddc</subfield>
    <subfield code="4">0</subfield>
    <subfield code="7">0</subfield>
    <subfield code="a">12.28</subfield>
    <subfield code="b">12.28</subfield>
    <subfield code="d">2015-01-29</subfield>
    <subfield code="l">1</subfield>
    <subfield code="o">P Year 3 [E]</subfield>
    <subfield code="p">00013076SSW</subfield>
    <subfield code="q">2024-11-29</subfield>
    <subfield code="r">2024-02-20 21:01:35</subfield>
    <subfield code="s">2024-02-20</subfield>
    <subfield code="w">2024-01-23</subfield>
    <subfield code="y">TXB</subfield>
  </datafield>
  <datafield tag="952" ind1=" " ind2=" ">
    <subfield code="0">0</subfield>
    <subfield code="1">0</subfield>
    <subfield code="2">ddc</subfield>
    <subfield code="4">0</subfield>
    <subfield code="7">0</subfield>
    <subfield code="a">12.28</subfield>
    <subfield code="b">12.28</subfield>
    <subfield code="d">2015-01-29</subfield>
    <subfield code="l">1</subfield>
    <subfield code="o">P Year 3 [E]</subfield>
    <subfield code="p">00013081SSW</subfield>
    <subfield code="q">2024-11-29</subfield>
    <subfield code="r">2024-02-21 17:28:44</subfield>
    <subfield code="s">2024-02-21</subfield>
    <subfield code="w">2024-01-23</subfield>
    <subfield code="y">TXB</subfield>
  </datafield>
  <datafield tag="952" ind1=" " ind2=" ">
    <subfield code="0">0</subfield>
    <subfield code="1">0</subfield>
    <subfield code="2">ddc</subfield>
    <subfield code="4">0</subfield>
    <subfield code="7">0</subfield>
    <subfield code="a">12.28</subfield>
    <subfield code="b">12.28</subfield>
    <subfield code="d">2015-01-29</subfield>
    <subfield code="l">1</subfield>
    <subfield code="o">P Year 3 [E]</subfield>
    <subfield code="p">00013084SSW</subfield>
    <subfield code="q">2024-11-29</subfield>
    <subfield code="r">2024-02-20 18:05:21</subfield>
    <subfield code="s">2024-02-20</subfield>
    <subfield code="w">2024-01-23</subfield>
    <subfield code="y">TXB</subfield>
  </datafield>
  <datafield tag="952" ind1=" " ind2=" ">
    <subfield code="0">0</subfield>
    <subfield code="1">0</subfield>
    <subfield code="2">ddc</subfield>
    <subfield code="4">0</subfield>
    <subfield code="7">0</subfield>
    <subfield code="a">12.28</subfield>
    <subfield code="b">12.28</subfield>
    <subfield code="d">2015-01-29</subfield>
    <subfield code="l">1</subfield>
    <subfield code="o">P Year 3 [E]</subfield>
    <subfield code="p">00013086SSW</subfield>
    <subfield code="q">2024-11-29</subfield>
    <subfield code="r">2024-02-21 16:46:54</subfield>
    <subfield code="s">2024-02-21</subfield>
    <subfield code="w">2024-01-23</subfield>
    <subfield code="y">TXB</subfield>
  </datafield>
  <datafield tag="952" ind1=" " ind2=" ">
    <subfield code="0">0</subfield>
    <subfield code="1">0</subfield>
    <subfield code="2">ddc</subfield>
    <subfield code="4">0</subfield>
    <subfield code="7">0</subfield>
    <subfield code="a">12.28</subfield>
    <subfield code="b">12.28</subfield>
    <subfield code="d">2015-01-29</subfield>
    <subfield code="l">1</subfield>
    <subfield code="o">P Year 3 [E]</subfield>
    <subfield code="p">00013092SSW</subfield>
    <subfield code="q">2024-11-29</subfield>
    <subfield code="r">2024-02-20 20:35:55</subfield>
    <subfield code="s">2024-02-20</subfield>
    <subfield code="w">2024-01-23</subfield>
    <subfield code="y">TXB</subfield>
  </datafield>
  <datafield tag="952" ind1=" " ind2=" ">
    <subfield code="0">0</subfield>
    <subfield code="1">0</subfield>
    <subfield code="2">ddc</subfield>
    <subfield code="4">0</subfield>
    <subfield code="7">0</subfield>
    <subfield code="a">12.28</subfield>
    <subfield code="b">12.28</subfield>
    <subfield code="d">2015-01-29</subfield>
    <subfield code="l">0</subfield>
    <subfield code="o">P Year 3 [E]</subfield>
    <subfield code="p">00013095SSW</subfield>
    <subfield code="r">2024-01-23 14:38:16</subfield>
    <subfield code="w">2024-01-23</subfield>
    <subfield code="y">TXB</subfield>
  </datafield>
  <datafield tag="952" ind1=" " ind2=" ">
    <subfield code="0">0</subfield>
    <subfield code="1">0</subfield>
    <subfield code="2">ddc</subfield>
    <subfield code="4">0</subfield>
    <subfield code="7">0</subfield>
    <subfield code="a">12.28</subfield>
    <subfield code="b">12.28</subfield>
    <subfield code="d">2015-01-29</subfield>
    <subfield code="l">1</subfield>
    <subfield code="o">P Year 3 [E]</subfield>
    <subfield code="p">00013100SSW</subfield>
    <subfield code="q">2024-11-29</subfield>
    <subfield code="r">2024-02-20 21:50:11</subfield>
    <subfield code="s">2024-02-20</subfield>
    <subfield code="w">2024-01-23</subfield>
    <subfield code="y">TXB</subfield>
  </datafield>
  <datafield tag="952" ind1=" " ind2=" ">
    <subfield code="0">0</subfield>
    <subfield code="1">0</subfield>
    <subfield code="2">ddc</subfield>
    <subfield code="4">0</subfield>
    <subfield code="7">0</subfield>
    <subfield code="a">12.28</subfield>
    <subfield code="b">12.28</subfield>
    <subfield code="d">2015-02-02</subfield>
    <subfield code="l">1</subfield>
    <subfield code="o">P Year 3 [E]</subfield>
    <subfield code="p">00013106SSW</subfield>
    <subfield code="q">2024-11-29</subfield>
    <subfield code="r">2024-02-21 17:02:07</subfield>
    <subfield code="s">2024-02-21</subfield>
    <subfield code="w">2024-01-23</subfield>
    <subfield code="y">TXB</subfield>
  </datafield>
  <datafield tag="952" ind1=" " ind2=" ">
    <subfield code="0">0</subfield>
    <subfield code="1">0</subfield>
    <subfield code="2">ddc</subfield>
    <subfield code="4">0</subfield>
    <subfield code="7">0</subfield>
    <subfield code="a">12.28</subfield>
    <subfield code="b">12.28</subfield>
    <subfield code="d">2015-02-02</subfield>
    <subfield code="l">1</subfield>
    <subfield code="o">P Year 3 [E]</subfield>
    <subfield code="p">00013111SSW</subfield>
    <subfield code="q">2024-11-29</subfield>
    <subfield code="r">2024-02-20 21:20:33</subfield>
    <subfield code="s">2024-02-20</subfield>
    <subfield code="w">2024-01-23</subfield>
    <subfield code="y">TXB</subfield>
  </datafield>
  <datafield tag="952" ind1=" " ind2=" ">
    <subfield code="0">0</subfield>
    <subfield code="1">0</subfield>
    <subfield code="2">ddc</subfield>
    <subfield code="4">0</subfield>
    <subfield code="7">0</subfield>
    <subfield code="a">12.28</subfield>
    <subfield code="b">12.28</subfield>
    <subfield code="d">2015-02-02</subfield>
    <subfield code="l">0</subfield>
    <subfield code="o">P Year 3 [E]</subfield>
    <subfield code="p">00013114SSW</subfield>
    <subfield code="r">2024-01-23 14:38:16</subfield>
    <subfield code="w">2024-01-23</subfield>
    <subfield code="y">TXB</subfield>
  </datafield>
  <datafield tag="952" ind1=" " ind2=" ">
    <subfield code="0">0</subfield>
    <subfield code="1">0</subfield>
    <subfield code="2">ddc</subfield>
    <subfield code="4">0</subfield>
    <subfield code="7">0</subfield>
    <subfield code="a">12.28</subfield>
    <subfield code="b">12.28</subfield>
    <subfield code="d">2015-02-02</subfield>
    <subfield code="l">1</subfield>
    <subfield code="o">P Year 3 [E]</subfield>
    <subfield code="p">00013122SSW</subfield>
    <subfield code="q">2024-11-29</subfield>
    <subfield code="r">2024-02-21 16:10:10</subfield>
    <subfield code="s">2024-02-21</subfield>
    <subfield code="w">2024-01-23</subfield>
    <subfield code="y">TXB</subfield>
  </datafield>
  <datafield tag="952" ind1=" " ind2=" ">
    <subfield code="0">0</subfield>
    <subfield code="1">0</subfield>
    <subfield code="2">ddc</subfield>
    <subfield code="4">0</subfield>
    <subfield code="7">0</subfield>
    <subfield code="a">12.28</subfield>
    <subfield code="b">12.28</subfield>
    <subfield code="d">2015-02-02</subfield>
    <subfield code="l">1</subfield>
    <subfield code="o">P Year 3 [E]</subfield>
    <subfield code="p">00013127SSW</subfield>
    <subfield code="q">2024-11-29</subfield>
    <subfield code="r">2024-02-20 18:09:31</subfield>
    <subfield code="s">2024-02-20</subfield>
    <subfield code="w">2024-01-23</subfield>
    <subfield code="y">TXB</subfield>
  </datafield>
  <datafield tag="952" ind1=" " ind2=" ">
    <subfield code="0">0</subfield>
    <subfield code="1">0</subfield>
    <subfield code="2">ddc</subfield>
    <subfield code="4">0</subfield>
    <subfield code="7">0</subfield>
    <subfield code="a">12.28</subfield>
    <subfield code="b">12.28</subfield>
    <subfield code="d">2015-09-25</subfield>
    <subfield code="l">1</subfield>
    <subfield code="o">P Year 3 [E]</subfield>
    <subfield code="p">00016861SSW</subfield>
    <subfield code="q">2024-11-29</subfield>
    <subfield code="r">2024-02-20 21:55:10</subfield>
    <subfield code="s">2024-02-20</subfield>
    <subfield code="w">2024-01-23</subfield>
    <subfield code="y">TXB</subfield>
  </datafield>
  <datafield tag="952" ind1=" " ind2=" ">
    <subfield code="0">0</subfield>
    <subfield code="1">0</subfield>
    <subfield code="2">ddc</subfield>
    <subfield code="4">0</subfield>
    <subfield code="7">0</subfield>
    <subfield code="a">12.28</subfield>
    <subfield code="b">12.28</subfield>
    <subfield code="d">2015-09-25</subfield>
    <subfield code="l">1</subfield>
    <subfield code="o">P Year 3 [E]</subfield>
    <subfield code="p">00016866SSW</subfield>
    <subfield code="q">2024-11-29</subfield>
    <subfield code="r">2024-02-20 21:29:25</subfield>
    <subfield code="s">2024-02-20</subfield>
    <subfield code="w">2024-01-23</subfield>
    <subfield code="y">TXB</subfield>
  </datafield>
  <datafield tag="952" ind1=" " ind2=" ">
    <subfield code="0">0</subfield>
    <subfield code="1">0</subfield>
    <subfield code="2">ddc</subfield>
    <subfield code="4">0</subfield>
    <subfield code="7">0</subfield>
    <subfield code="a">12.28</subfield>
    <subfield code="b">12.28</subfield>
    <subfield code="d">2015-09-25</subfield>
    <subfield code="l">1</subfield>
    <subfield code="o">P Year 3 [E]</subfield>
    <subfield code="p">00016869SSW</subfield>
    <subfield code="q">2024-11-29</subfield>
    <subfield code="r">2024-02-20 20:36:51</subfield>
    <subfield code="s">2024-02-20</subfield>
    <subfield code="w">2024-01-23</subfield>
    <subfield code="y">TXB</subfield>
  </datafield>
  <datafield tag="952" ind1=" " ind2=" ">
    <subfield code="0">0</subfield>
    <subfield code="1">0</subfield>
    <subfield code="2">ddc</subfield>
    <subfield code="4">0</subfield>
    <subfield code="7">0</subfield>
    <subfield code="a">12.28</subfield>
    <subfield code="b">12.28</subfield>
    <subfield code="d">2015-09-25</subfield>
    <subfield code="l">1</subfield>
    <subfield code="o">P Year 3 [E]</subfield>
    <subfield code="p">00016874SSW</subfield>
    <subfield code="q">2024-11-29</subfield>
    <subfield code="r">2024-02-20 20:16:02</subfield>
    <subfield code="s">2024-02-20</subfield>
    <subfield code="w">2024-01-23</subfield>
    <subfield code="y">TXB</subfield>
  </datafield>
  <datafield tag="952" ind1=" " ind2=" ">
    <subfield code="0">0</subfield>
    <subfield code="1">0</subfield>
    <subfield code="2">ddc</subfield>
    <subfield code="4">0</subfield>
    <subfield code="7">0</subfield>
    <subfield code="a">12.28</subfield>
    <subfield code="b">12.28</subfield>
    <subfield code="d">2015-09-25</subfield>
    <subfield code="l">0</subfield>
    <subfield code="o">P Year 3 [E]</subfield>
    <subfield code="p">00016877SSW</subfield>
    <subfield code="r">2024-01-23 14:38:17</subfield>
    <subfield code="w">2024-01-23</subfield>
    <subfield code="y">TXB</subfield>
  </datafield>
  <datafield tag="952" ind1=" " ind2=" ">
    <subfield code="0">0</subfield>
    <subfield code="1">0</subfield>
    <subfield code="2">ddc</subfield>
    <subfield code="4">0</subfield>
    <subfield code="7">0</subfield>
    <subfield code="a">12.28</subfield>
    <subfield code="b">12.28</subfield>
    <subfield code="d">2015-09-25</subfield>
    <subfield code="l">0</subfield>
    <subfield code="o">P Year 3 [E]</subfield>
    <subfield code="p">00016882SSW</subfield>
    <subfield code="r">2024-01-23 14:38:17</subfield>
    <subfield code="w">2024-01-23</subfield>
    <subfield code="y">TXB</subfield>
  </datafield>
  <datafield tag="952" ind1=" " ind2=" ">
    <subfield code="0">0</subfield>
    <subfield code="1">0</subfield>
    <subfield code="2">ddc</subfield>
    <subfield code="4">0</subfield>
    <subfield code="7">0</subfield>
    <subfield code="a">12.28</subfield>
    <subfield code="b">12.28</subfield>
    <subfield code="d">2015-09-25</subfield>
    <subfield code="l">0</subfield>
    <subfield code="o">P Year 3 [E]</subfield>
    <subfield code="p">00016884SSW</subfield>
    <subfield code="r">2024-01-23 14:38:17</subfield>
    <subfield code="w">2024-01-23</subfield>
    <subfield code="y">TXB</subfield>
  </datafield>
  <datafield tag="952" ind1=" " ind2=" ">
    <subfield code="0">0</subfield>
    <subfield code="1">0</subfield>
    <subfield code="2">ddc</subfield>
    <subfield code="4">0</subfield>
    <subfield code="7">0</subfield>
    <subfield code="a">12.28</subfield>
    <subfield code="b">12.28</subfield>
    <subfield code="d">2015-09-25</subfield>
    <subfield code="l">1</subfield>
    <subfield code="o">P Year 3 [E]</subfield>
    <subfield code="p">00016889SSW</subfield>
    <subfield code="q">2024-11-29</subfield>
    <subfield code="r">2024-02-20 21:18:37</subfield>
    <subfield code="s">2024-02-20</subfield>
    <subfield code="w">2024-01-23</subfield>
    <subfield code="y">TXB</subfield>
  </datafield>
  <datafield tag="952" ind1=" " ind2=" ">
    <subfield code="0">0</subfield>
    <subfield code="1">0</subfield>
    <subfield code="2">ddc</subfield>
    <subfield code="4">0</subfield>
    <subfield code="7">0</subfield>
    <subfield code="a">12.28</subfield>
    <subfield code="b">12.28</subfield>
    <subfield code="d">2015-09-25</subfield>
    <subfield code="l">0</subfield>
    <subfield code="o">P Year 3 [E]</subfield>
    <subfield code="p">00016892SSW</subfield>
    <subfield code="r">2024-01-23 14:38:17</subfield>
    <subfield code="w">2024-01-23</subfield>
    <subfield code="y">TXB</subfield>
  </datafield>
  <datafield tag="952" ind1=" " ind2=" ">
    <subfield code="0">0</subfield>
    <subfield code="1">0</subfield>
    <subfield code="2">ddc</subfield>
    <subfield code="4">0</subfield>
    <subfield code="7">0</subfield>
    <subfield code="a">12.28</subfield>
    <subfield code="b">12.28</subfield>
    <subfield code="d">2015-09-25</subfield>
    <subfield code="l">1</subfield>
    <subfield code="o">P Year 3 [E]</subfield>
    <subfield code="p">00016896SSW</subfield>
    <subfield code="q">2024-11-29</subfield>
    <subfield code="r">2024-02-20 20:46:37</subfield>
    <subfield code="s">2024-02-20</subfield>
    <subfield code="w">2024-01-23</subfield>
    <subfield code="y">TXB</subfield>
  </datafield>
  <datafield tag="952" ind1=" " ind2=" ">
    <subfield code="0">0</subfield>
    <subfield code="1">0</subfield>
    <subfield code="2">ddc</subfield>
    <subfield code="4">0</subfield>
    <subfield code="7">0</subfield>
    <subfield code="a">12.28</subfield>
    <subfield code="b">12.28</subfield>
    <subfield code="d">2015-09-25</subfield>
    <subfield code="l">0</subfield>
    <subfield code="o">P Year 3 [E]</subfield>
    <subfield code="p">00016899SSW</subfield>
    <subfield code="r">2024-01-23 14:38:17</subfield>
    <subfield code="w">2024-01-23</subfield>
    <subfield code="y">TXB</subfield>
  </datafield>
  <datafield tag="952" ind1=" " ind2=" ">
    <subfield code="0">0</subfield>
    <subfield code="1">0</subfield>
    <subfield code="2">ddc</subfield>
    <subfield code="4">0</subfield>
    <subfield code="7">0</subfield>
    <subfield code="a">12.28</subfield>
    <subfield code="b">12.28</subfield>
    <subfield code="d">2015-09-25</subfield>
    <subfield code="l">1</subfield>
    <subfield code="o">P Year 3 [E]</subfield>
    <subfield code="p">00016904SSW</subfield>
    <subfield code="q">2024-11-29</subfield>
    <subfield code="r">2024-02-21 17:32:53</subfield>
    <subfield code="s">2024-02-21</subfield>
    <subfield code="w">2024-01-23</subfield>
    <subfield code="y">TXB</subfield>
  </datafield>
  <datafield tag="952" ind1=" " ind2=" ">
    <subfield code="0">0</subfield>
    <subfield code="1">0</subfield>
    <subfield code="2">ddc</subfield>
    <subfield code="4">0</subfield>
    <subfield code="7">0</subfield>
    <subfield code="a">12.28</subfield>
    <subfield code="b">12.28</subfield>
    <subfield code="d">2015-09-25</subfield>
    <subfield code="l">1</subfield>
    <subfield code="o">P Year 3 [E]</subfield>
    <subfield code="p">00016907SSW</subfield>
    <subfield code="q">2024-11-29</subfield>
    <subfield code="r">2024-02-20 21:57:31</subfield>
    <subfield code="s">2024-02-20</subfield>
    <subfield code="w">2024-01-23</subfield>
    <subfield code="y">TXB</subfield>
  </datafield>
  <datafield tag="952" ind1=" " ind2=" ">
    <subfield code="0">0</subfield>
    <subfield code="1">0</subfield>
    <subfield code="2">ddc</subfield>
    <subfield code="4">0</subfield>
    <subfield code="7">0</subfield>
    <subfield code="a">12.28</subfield>
    <subfield code="b">12.28</subfield>
    <subfield code="d">2014-02-17</subfield>
    <subfield code="l">0</subfield>
    <subfield code="o">P Year 3 [E]</subfield>
    <subfield code="p">00007219SSW</subfield>
    <subfield code="r">2024-01-23 14:38:17</subfield>
    <subfield code="w">2024-01-23</subfield>
    <subfield code="y">TXB</subfield>
  </datafield>
  <datafield tag="952" ind1=" " ind2=" ">
    <subfield code="0">0</subfield>
    <subfield code="1">0</subfield>
    <subfield code="2">ddc</subfield>
    <subfield code="4">0</subfield>
    <subfield code="7">0</subfield>
    <subfield code="a">12.28</subfield>
    <subfield code="b">12.28</subfield>
    <subfield code="d">2014-02-17</subfield>
    <subfield code="l">1</subfield>
    <subfield code="o">P Year 3 [E]</subfield>
    <subfield code="p">00007226SSW</subfield>
    <subfield code="q">2024-11-29</subfield>
    <subfield code="r">2024-02-20 20:47:18</subfield>
    <subfield code="s">2024-02-20</subfield>
    <subfield code="w">2024-01-23</subfield>
    <subfield code="y">TXB</subfield>
  </datafield>
  <datafield tag="952" ind1=" " ind2=" ">
    <subfield code="0">0</subfield>
    <subfield code="1">0</subfield>
    <subfield code="2">ddc</subfield>
    <subfield code="4">0</subfield>
    <subfield code="7">0</subfield>
    <subfield code="a">12.28</subfield>
    <subfield code="b">12.28</subfield>
    <subfield code="d">2014-02-13</subfield>
    <subfield code="l">0</subfield>
    <subfield code="o">P Year 3 [E]</subfield>
    <subfield code="p">00007121SSW</subfield>
    <subfield code="r">2024-01-23 14:38:17</subfield>
    <subfield code="w">2024-01-23</subfield>
    <subfield code="y">TXB</subfield>
  </datafield>
  <datafield tag="952" ind1=" " ind2=" ">
    <subfield code="0">0</subfield>
    <subfield code="1">0</subfield>
    <subfield code="2">ddc</subfield>
    <subfield code="4">0</subfield>
    <subfield code="7">0</subfield>
    <subfield code="a">12.28</subfield>
    <subfield code="b">12.28</subfield>
    <subfield code="d">2014-02-13</subfield>
    <subfield code="l">0</subfield>
    <subfield code="o">P Year 3 [E]</subfield>
    <subfield code="p">00007124SSW</subfield>
    <subfield code="r">2024-01-23 14:38:17</subfield>
    <subfield code="w">2024-01-23</subfield>
    <subfield code="y">TXB</subfield>
  </datafield>
  <datafield tag="952" ind1=" " ind2=" ">
    <subfield code="0">0</subfield>
    <subfield code="1">0</subfield>
    <subfield code="2">ddc</subfield>
    <subfield code="4">0</subfield>
    <subfield code="7">0</subfield>
    <subfield code="a">12.28</subfield>
    <subfield code="b">12.28</subfield>
    <subfield code="d">2015-12-10</subfield>
    <subfield code="l">0</subfield>
    <subfield code="o">P Year 3 [E]</subfield>
    <subfield code="p">00018413SSW</subfield>
    <subfield code="r">2024-01-23 14:38:17</subfield>
    <subfield code="w">2024-01-23</subfield>
    <subfield code="y">TXB</subfield>
  </datafield>
  <datafield tag="952" ind1=" " ind2=" ">
    <subfield code="0">0</subfield>
    <subfield code="1">0</subfield>
    <subfield code="2">ddc</subfield>
    <subfield code="4">0</subfield>
    <subfield code="7">0</subfield>
    <subfield code="a">12.28</subfield>
    <subfield code="b">12.28</subfield>
    <subfield code="d">2014-05-30</subfield>
    <subfield code="l">1</subfield>
    <subfield code="o">P Year 3 [E]</subfield>
    <subfield code="p">00009214SSW</subfield>
    <subfield code="q">2024-11-29</subfield>
    <subfield code="r">2024-02-20 18:13:17</subfield>
    <subfield code="s">2024-02-20</subfield>
    <subfield code="w">2024-01-23</subfield>
    <subfield code="y">TXB</subfield>
  </datafield>
  <datafield tag="952" ind1=" " ind2=" ">
    <subfield code="0">0</subfield>
    <subfield code="1">0</subfield>
    <subfield code="2">ddc</subfield>
    <subfield code="4">0</subfield>
    <subfield code="7">0</subfield>
    <subfield code="a">12.28</subfield>
    <subfield code="b">12.28</subfield>
    <subfield code="d">2015-09-25</subfield>
    <subfield code="l">0</subfield>
    <subfield code="o">P Year 3 [E]</subfield>
    <subfield code="p">00016859SSW</subfield>
    <subfield code="r">2024-01-23 14:38:17</subfield>
    <subfield code="w">2024-01-23</subfield>
    <subfield code="y">TXB</subfield>
  </datafield>
  <datafield tag="952" ind1=" " ind2=" ">
    <subfield code="0">0</subfield>
    <subfield code="1">0</subfield>
    <subfield code="2">ddc</subfield>
    <subfield code="4">0</subfield>
    <subfield code="7">0</subfield>
    <subfield code="a">12.28</subfield>
    <subfield code="b">12.28</subfield>
    <subfield code="d">2015-09-25</subfield>
    <subfield code="l">0</subfield>
    <subfield code="o">P Year 3 [E]</subfield>
    <subfield code="p">00016864SSW</subfield>
    <subfield code="r">2024-01-23 14:38:17</subfield>
    <subfield code="w">2024-01-23</subfield>
    <subfield code="y">TXB</subfield>
  </datafield>
  <datafield tag="952" ind1=" " ind2=" ">
    <subfield code="0">0</subfield>
    <subfield code="1">0</subfield>
    <subfield code="2">ddc</subfield>
    <subfield code="4">0</subfield>
    <subfield code="7">0</subfield>
    <subfield code="a">12.28</subfield>
    <subfield code="b">12.28</subfield>
    <subfield code="d">2015-09-25</subfield>
    <subfield code="l">0</subfield>
    <subfield code="o">P Year 3 [E]</subfield>
    <subfield code="p">00016867SSW</subfield>
    <subfield code="r">2024-01-23 14:38:17</subfield>
    <subfield code="w">2024-01-23</subfield>
    <subfield code="y">TXB</subfield>
  </datafield>
  <datafield tag="952" ind1=" " ind2=" ">
    <subfield code="0">0</subfield>
    <subfield code="1">0</subfield>
    <subfield code="2">ddc</subfield>
    <subfield code="4">0</subfield>
    <subfield code="7">0</subfield>
    <subfield code="a">12.28</subfield>
    <subfield code="b">12.28</subfield>
    <subfield code="d">2015-09-25</subfield>
    <subfield code="l">0</subfield>
    <subfield code="o">P Year 3 [E]</subfield>
    <subfield code="p">00016872SSW</subfield>
    <subfield code="r">2024-01-23 14:38:17</subfield>
    <subfield code="w">2024-01-23</subfield>
    <subfield code="y">TXB</subfield>
  </datafield>
  <datafield tag="952" ind1=" " ind2=" ">
    <subfield code="0">0</subfield>
    <subfield code="1">0</subfield>
    <subfield code="2">ddc</subfield>
    <subfield code="4">0</subfield>
    <subfield code="7">0</subfield>
    <subfield code="a">12.28</subfield>
    <subfield code="b">12.28</subfield>
    <subfield code="d">2015-09-25</subfield>
    <subfield code="l">0</subfield>
    <subfield code="o">P Year 3 [E]</subfield>
    <subfield code="p">00016875SSW</subfield>
    <subfield code="r">2024-01-23 14:38:17</subfield>
    <subfield code="w">2024-01-23</subfield>
    <subfield code="y">TXB</subfield>
  </datafield>
  <datafield tag="952" ind1=" " ind2=" ">
    <subfield code="0">0</subfield>
    <subfield code="1">0</subfield>
    <subfield code="2">ddc</subfield>
    <subfield code="4">0</subfield>
    <subfield code="7">0</subfield>
    <subfield code="a">12.28</subfield>
    <subfield code="b">12.28</subfield>
    <subfield code="d">2015-09-25</subfield>
    <subfield code="l">0</subfield>
    <subfield code="o">P Year 3 [E]</subfield>
    <subfield code="p">00016880SSW</subfield>
    <subfield code="r">2024-01-23 14:38:17</subfield>
    <subfield code="w">2024-01-23</subfield>
    <subfield code="y">TXB</subfield>
  </datafield>
  <datafield tag="952" ind1=" " ind2=" ">
    <subfield code="0">0</subfield>
    <subfield code="1">0</subfield>
    <subfield code="2">ddc</subfield>
    <subfield code="4">0</subfield>
    <subfield code="7">0</subfield>
    <subfield code="a">12.28</subfield>
    <subfield code="b">12.28</subfield>
    <subfield code="d">2015-09-25</subfield>
    <subfield code="l">0</subfield>
    <subfield code="o">P Year 3 [E]</subfield>
    <subfield code="p">00016887SSW</subfield>
    <subfield code="r">2024-01-23 14:38:17</subfield>
    <subfield code="w">2024-01-23</subfield>
    <subfield code="y">TXB</subfield>
  </datafield>
  <datafield tag="952" ind1=" " ind2=" ">
    <subfield code="0">0</subfield>
    <subfield code="1">0</subfield>
    <subfield code="2">ddc</subfield>
    <subfield code="4">0</subfield>
    <subfield code="7">0</subfield>
    <subfield code="a">12.28</subfield>
    <subfield code="b">12.28</subfield>
    <subfield code="d">2015-09-25</subfield>
    <subfield code="l">1</subfield>
    <subfield code="o">P Year 3 [E]</subfield>
    <subfield code="p">00016890SSW</subfield>
    <subfield code="q">2024-11-29</subfield>
    <subfield code="r">2024-02-20 18:16:39</subfield>
    <subfield code="s">2024-02-20</subfield>
    <subfield code="w">2024-01-23</subfield>
    <subfield code="y">TXB</subfield>
  </datafield>
  <datafield tag="952" ind1=" " ind2=" ">
    <subfield code="0">0</subfield>
    <subfield code="1">0</subfield>
    <subfield code="2">ddc</subfield>
    <subfield code="4">0</subfield>
    <subfield code="7">0</subfield>
    <subfield code="a">12.28</subfield>
    <subfield code="b">12.28</subfield>
    <subfield code="d">2015-09-25</subfield>
    <subfield code="l">0</subfield>
    <subfield code="o">P Year 3 [E]</subfield>
    <subfield code="p">00016894SSW</subfield>
    <subfield code="r">2024-01-23 14:38:17</subfield>
    <subfield code="w">2024-01-23</subfield>
    <subfield code="y">TXB</subfield>
  </datafield>
  <datafield tag="952" ind1=" " ind2=" ">
    <subfield code="0">0</subfield>
    <subfield code="1">0</subfield>
    <subfield code="2">ddc</subfield>
    <subfield code="4">0</subfield>
    <subfield code="7">0</subfield>
    <subfield code="a">12.28</subfield>
    <subfield code="b">12.28</subfield>
    <subfield code="d">2015-09-25</subfield>
    <subfield code="l">1</subfield>
    <subfield code="o">P Year 3 [E]</subfield>
    <subfield code="p">00016897SSW</subfield>
    <subfield code="q">2024-11-29</subfield>
    <subfield code="r">2024-02-20 21:57:01</subfield>
    <subfield code="s">2024-02-20</subfield>
    <subfield code="w">2024-01-23</subfield>
    <subfield code="y">TXB</subfield>
  </datafield>
  <datafield tag="952" ind1=" " ind2=" ">
    <subfield code="0">0</subfield>
    <subfield code="1">0</subfield>
    <subfield code="2">ddc</subfield>
    <subfield code="4">0</subfield>
    <subfield code="7">0</subfield>
    <subfield code="a">12.28</subfield>
    <subfield code="b">12.28</subfield>
    <subfield code="d">2015-09-25</subfield>
    <subfield code="l">0</subfield>
    <subfield code="o">P Year 3 [E]</subfield>
    <subfield code="p">00016902SSW</subfield>
    <subfield code="r">2024-01-23 14:38:17</subfield>
    <subfield code="w">2024-01-23</subfield>
    <subfield code="y">TXB</subfield>
  </datafield>
  <datafield tag="952" ind1=" " ind2=" ">
    <subfield code="0">0</subfield>
    <subfield code="1">0</subfield>
    <subfield code="2">ddc</subfield>
    <subfield code="4">0</subfield>
    <subfield code="7">0</subfield>
    <subfield code="a">12.28</subfield>
    <subfield code="b">12.28</subfield>
    <subfield code="d">2015-09-25</subfield>
    <subfield code="l">1</subfield>
    <subfield code="o">P Year 3 [E]</subfield>
    <subfield code="p">00016905SSW</subfield>
    <subfield code="q">2024-11-29</subfield>
    <subfield code="r">2024-02-20 20:48:51</subfield>
    <subfield code="s">2024-02-20</subfield>
    <subfield code="w">2024-01-23</subfield>
    <subfield code="y">TXB</subfield>
  </datafield>
  <datafield tag="952" ind1=" " ind2=" ">
    <subfield code="0">0</subfield>
    <subfield code="1">0</subfield>
    <subfield code="2">ddc</subfield>
    <subfield code="4">0</subfield>
    <subfield code="7">0</subfield>
    <subfield code="a">12.28</subfield>
    <subfield code="b">12.28</subfield>
    <subfield code="d">2014-02-13</subfield>
    <subfield code="l">1</subfield>
    <subfield code="o">P Year 3 [E]</subfield>
    <subfield code="p">00007119SSW</subfield>
    <subfield code="q">2024-11-29</subfield>
    <subfield code="r">2024-02-21 17:35:05</subfield>
    <subfield code="s">2024-02-21</subfield>
    <subfield code="w">2024-01-23</subfield>
    <subfield code="y">TXB</subfield>
  </datafield>
  <datafield tag="952" ind1=" " ind2=" ">
    <subfield code="0">0</subfield>
    <subfield code="1">0</subfield>
    <subfield code="2">ddc</subfield>
    <subfield code="4">0</subfield>
    <subfield code="7">0</subfield>
    <subfield code="a">12.28</subfield>
    <subfield code="b">12.28</subfield>
    <subfield code="d">2014-02-13</subfield>
    <subfield code="l">0</subfield>
    <subfield code="o">P Year 3 [E]</subfield>
    <subfield code="p">00007122SSW</subfield>
    <subfield code="r">2024-01-23 14:38:17</subfield>
    <subfield code="w">2024-01-23</subfield>
    <subfield code="y">TXB</subfield>
  </datafield>
  <datafield tag="952" ind1=" " ind2=" ">
    <subfield code="0">0</subfield>
    <subfield code="1">0</subfield>
    <subfield code="2">ddc</subfield>
    <subfield code="4">0</subfield>
    <subfield code="7">0</subfield>
    <subfield code="a">12.28</subfield>
    <subfield code="b">12.28</subfield>
    <subfield code="d">2014-02-17</subfield>
    <subfield code="l">1</subfield>
    <subfield code="o">P Year 3 [E]</subfield>
    <subfield code="p">00007224SSW</subfield>
    <subfield code="q">2024-11-29</subfield>
    <subfield code="r">2024-02-20 21:36:25</subfield>
    <subfield code="s">2024-02-20</subfield>
    <subfield code="w">2024-01-23</subfield>
    <subfield code="y">TXB</subfield>
  </datafield>
  <datafield tag="952" ind1=" " ind2=" ">
    <subfield code="0">0</subfield>
    <subfield code="1">0</subfield>
    <subfield code="2">ddc</subfield>
    <subfield code="4">0</subfield>
    <subfield code="7">0</subfield>
    <subfield code="a">12.28</subfield>
    <subfield code="b">12.28</subfield>
    <subfield code="d">2014-02-17</subfield>
    <subfield code="l">1</subfield>
    <subfield code="o">P Year 3 [E]</subfield>
    <subfield code="p">00007227SSW</subfield>
    <subfield code="q">2024-11-29</subfield>
    <subfield code="r">2024-02-21 17:03:38</subfield>
    <subfield code="s">2024-02-21</subfield>
    <subfield code="w">2024-01-23</subfield>
    <subfield code="y">TXB</subfield>
  </datafield>
  <datafield tag="952" ind1=" " ind2=" ">
    <subfield code="0">0</subfield>
    <subfield code="1">0</subfield>
    <subfield code="2">ddc</subfield>
    <subfield code="4">0</subfield>
    <subfield code="7">0</subfield>
    <subfield code="a">12.28</subfield>
    <subfield code="b">12.28</subfield>
    <subfield code="d">2014-02-17</subfield>
    <subfield code="l">0</subfield>
    <subfield code="o">P Year 3 [E]</subfield>
    <subfield code="p">00007229SSW</subfield>
    <subfield code="r">2024-01-23 14:38:17</subfield>
    <subfield code="w">2024-01-23</subfield>
    <subfield code="y">TXB</subfield>
  </datafield>
  <datafield tag="952" ind1=" " ind2=" ">
    <subfield code="0">0</subfield>
    <subfield code="1">0</subfield>
    <subfield code="2">ddc</subfield>
    <subfield code="4">0</subfield>
    <subfield code="7">0</subfield>
    <subfield code="a">12.28</subfield>
    <subfield code="b">12.28</subfield>
    <subfield code="d">2014-02-13</subfield>
    <subfield code="l">1</subfield>
    <subfield code="o">P Year 3 [E]</subfield>
    <subfield code="p">00007115SSW</subfield>
    <subfield code="q">2024-11-29</subfield>
    <subfield code="r">2024-02-20 20:28:09</subfield>
    <subfield code="s">2024-02-20</subfield>
    <subfield code="w">2024-01-23</subfield>
    <subfield code="y">TXB</subfield>
  </datafield>
  <datafield tag="952" ind1=" " ind2=" ">
    <subfield code="0">0</subfield>
    <subfield code="1">0</subfield>
    <subfield code="2">ddc</subfield>
    <subfield code="4">0</subfield>
    <subfield code="7">0</subfield>
    <subfield code="a">12.28</subfield>
    <subfield code="b">12.28</subfield>
    <subfield code="d">2014-02-13</subfield>
    <subfield code="l">1</subfield>
    <subfield code="o">P Year 3 [E]</subfield>
    <subfield code="p">00007117SSW</subfield>
    <subfield code="q">2024-11-29</subfield>
    <subfield code="r">2024-02-20 20:34:51</subfield>
    <subfield code="s">2024-02-20</subfield>
    <subfield code="w">2024-01-23</subfield>
    <subfield code="y">TXB</subfield>
  </datafield>
  <datafield tag="952" ind1=" " ind2=" ">
    <subfield code="0">0</subfield>
    <subfield code="1">0</subfield>
    <subfield code="2">ddc</subfield>
    <subfield code="4">0</subfield>
    <subfield code="7">0</subfield>
    <subfield code="a">12.28</subfield>
    <subfield code="b">12.28</subfield>
    <subfield code="d">2014-02-13</subfield>
    <subfield code="l">1</subfield>
    <subfield code="o">P Year 3 [E]</subfield>
    <subfield code="p">00007120SSW</subfield>
    <subfield code="q">2024-11-29</subfield>
    <subfield code="r">2024-02-20 21:54:07</subfield>
    <subfield code="s">2024-02-20</subfield>
    <subfield code="w">2024-01-23</subfield>
    <subfield code="y">TXB</subfield>
  </datafield>
  <datafield tag="952" ind1=" " ind2=" ">
    <subfield code="0">0</subfield>
    <subfield code="1">0</subfield>
    <subfield code="2">ddc</subfield>
    <subfield code="4">0</subfield>
    <subfield code="7">0</subfield>
    <subfield code="a">12.28</subfield>
    <subfield code="b">12.28</subfield>
    <subfield code="d">2014-02-13</subfield>
    <subfield code="l">0</subfield>
    <subfield code="o">P Year 3 [E]</subfield>
    <subfield code="p">00007125SSW</subfield>
    <subfield code="r">2024-01-23 14:38:18</subfield>
    <subfield code="w">2024-01-23</subfield>
    <subfield code="y">TXB</subfield>
  </datafield>
  <datafield tag="952" ind1=" " ind2=" ">
    <subfield code="0">0</subfield>
    <subfield code="1">0</subfield>
    <subfield code="2">ddc</subfield>
    <subfield code="4">0</subfield>
    <subfield code="7">0</subfield>
    <subfield code="a">12.28</subfield>
    <subfield code="b">12.28</subfield>
    <subfield code="d">2014-02-17</subfield>
    <subfield code="l">1</subfield>
    <subfield code="o">P Year 3 [E]</subfield>
    <subfield code="p">00007220SSW</subfield>
    <subfield code="q">2024-11-29</subfield>
    <subfield code="r">2024-02-20 21:28:30</subfield>
    <subfield code="s">2024-02-20</subfield>
    <subfield code="w">2024-01-23</subfield>
    <subfield code="y">TXB</subfield>
  </datafield>
  <datafield tag="952" ind1=" " ind2=" ">
    <subfield code="0">0</subfield>
    <subfield code="1">0</subfield>
    <subfield code="2">ddc</subfield>
    <subfield code="4">0</subfield>
    <subfield code="7">0</subfield>
    <subfield code="a">12.28</subfield>
    <subfield code="b">12.28</subfield>
    <subfield code="d">2014-02-17</subfield>
    <subfield code="l">1</subfield>
    <subfield code="o">P Year 3 [E]</subfield>
    <subfield code="p">00007222SSW</subfield>
    <subfield code="q">2024-11-29</subfield>
    <subfield code="r">2024-02-21 16:16:22</subfield>
    <subfield code="s">2024-02-21</subfield>
    <subfield code="w">2024-01-23</subfield>
    <subfield code="y">TXB</subfield>
  </datafield>
  <datafield tag="952" ind1=" " ind2=" ">
    <subfield code="0">0</subfield>
    <subfield code="1">0</subfield>
    <subfield code="2">ddc</subfield>
    <subfield code="4">0</subfield>
    <subfield code="7">0</subfield>
    <subfield code="a">12.28</subfield>
    <subfield code="b">12.28</subfield>
    <subfield code="d">2014-02-17</subfield>
    <subfield code="l">1</subfield>
    <subfield code="o">P Year 3 [E]</subfield>
    <subfield code="p">00007225SSW</subfield>
    <subfield code="q">2024-11-29</subfield>
    <subfield code="r">2024-02-20 21:50:51</subfield>
    <subfield code="s">2024-02-20</subfield>
    <subfield code="w">2024-01-23</subfield>
    <subfield code="y">TXB</subfield>
  </datafield>
  <datafield tag="952" ind1=" " ind2=" ">
    <subfield code="0">0</subfield>
    <subfield code="1">0</subfield>
    <subfield code="2">ddc</subfield>
    <subfield code="4">0</subfield>
    <subfield code="7">0</subfield>
    <subfield code="a">12.28</subfield>
    <subfield code="b">12.28</subfield>
    <subfield code="d">2022-12-20</subfield>
    <subfield code="l">1</subfield>
    <subfield code="o">P Year 3 [E] MOR</subfield>
    <subfield code="p">00059502SSW</subfield>
    <subfield code="q">2024-11-29</subfield>
    <subfield code="r">2024-04-08 14:09:25</subfield>
    <subfield code="s">2024-04-08</subfield>
    <subfield code="w">2024-01-23</subfield>
    <subfield code="y">TXB</subfield>
  </datafield>
  <datafield tag="952" ind1=" " ind2=" ">
    <subfield code="0">0</subfield>
    <subfield code="1">0</subfield>
    <subfield code="2">ddc</subfield>
    <subfield code="4">0</subfield>
    <subfield code="7">0</subfield>
    <subfield code="a">12.27</subfield>
    <subfield code="b">12.27</subfield>
    <subfield code="d">2020-11-06</subfield>
    <subfield code="l">1</subfield>
    <subfield code="o">AP Year 3 [E] MOR</subfield>
    <subfield code="p">00050388AGC</subfield>
    <subfield code="q">2024-11-29</subfield>
    <subfield code="r">2024-05-15 18:36:28</subfield>
    <subfield code="s">2024-05-15</subfield>
    <subfield code="w">2024-01-23</subfield>
    <subfield code="y">TXB</subfield>
  </datafield>
  <datafield tag="952" ind1=" " ind2=" ">
    <subfield code="0">0</subfield>
    <subfield code="1">0</subfield>
    <subfield code="2">ddc</subfield>
    <subfield code="4">0</subfield>
    <subfield code="7">0</subfield>
    <subfield code="a">12.27</subfield>
    <subfield code="b">12.27</subfield>
    <subfield code="d">2020-12-17</subfield>
    <subfield code="l">0</subfield>
    <subfield code="o">AP Year 3 [E] MOR</subfield>
    <subfield code="p">00052136AGC</subfield>
    <subfield code="r">2024-01-23 14:38:18</subfield>
    <subfield code="w">2024-01-23</subfield>
    <subfield code="y">TXB</subfield>
  </datafield>
  <datafield tag="952" ind1=" " ind2=" ">
    <subfield code="0">0</subfield>
    <subfield code="1">0</subfield>
    <subfield code="2">ddc</subfield>
    <subfield code="4">0</subfield>
    <subfield code="7">0</subfield>
    <subfield code="a">12.28</subfield>
    <subfield code="b">12.28</subfield>
    <subfield code="d">2021-02-11</subfield>
    <subfield code="l">0</subfield>
    <subfield code="o">P Year 3 [E] MOR</subfield>
    <subfield code="p">00052952SSW</subfield>
    <subfield code="r">2024-01-23 14:38:18</subfield>
    <subfield code="w">2024-01-23</subfield>
    <subfield code="y">TXB</subfield>
  </datafield>
  <datafield tag="952" ind1=" " ind2=" ">
    <subfield code="0">0</subfield>
    <subfield code="1">0</subfield>
    <subfield code="2">ddc</subfield>
    <subfield code="4">0</subfield>
    <subfield code="7">0</subfield>
    <subfield code="a">12.28</subfield>
    <subfield code="b">12.28</subfield>
    <subfield code="d">2022-02-24</subfield>
    <subfield code="l">0</subfield>
    <subfield code="o">P Year 3 [E] MOR</subfield>
    <subfield code="p">00056668SSW</subfield>
    <subfield code="r">2024-01-23 14:38:18</subfield>
    <subfield code="w">2024-01-23</subfield>
    <subfield code="y">BK</subfield>
  </datafield>
  <datafield tag="952" ind1=" " ind2=" ">
    <subfield code="0">0</subfield>
    <subfield code="1">0</subfield>
    <subfield code="2">ddc</subfield>
    <subfield code="4">0</subfield>
    <subfield code="7">0</subfield>
    <subfield code="a">12.28</subfield>
    <subfield code="b">12.28</subfield>
    <subfield code="d">2021-12-23</subfield>
    <subfield code="l">1</subfield>
    <subfield code="o">P Year 3 [E] MOR</subfield>
    <subfield code="p">00056007SSW</subfield>
    <subfield code="q">2024-11-29</subfield>
    <subfield code="r">2024-02-20 20:41:48</subfield>
    <subfield code="s">2024-02-20</subfield>
    <subfield code="w">2024-01-23</subfield>
    <subfield code="y">TXB</subfield>
  </datafield>
  <datafield tag="952" ind1=" " ind2=" ">
    <subfield code="0">0</subfield>
    <subfield code="1">0</subfield>
    <subfield code="2">ddc</subfield>
    <subfield code="4">0</subfield>
    <subfield code="7">0</subfield>
    <subfield code="a">12.28</subfield>
    <subfield code="b">12.28</subfield>
    <subfield code="d">2022-02-11</subfield>
    <subfield code="l">1</subfield>
    <subfield code="o">P Year 3 [E] MOR</subfield>
    <subfield code="p">00056362SSW</subfield>
    <subfield code="q">2024-11-29</subfield>
    <subfield code="r">2024-02-20 21:58:58</subfield>
    <subfield code="s">2024-02-20</subfield>
    <subfield code="w">2024-01-23</subfield>
    <subfield code="y">TXB</subfield>
  </datafield>
  <datafield tag="952" ind1=" " ind2=" ">
    <subfield code="0">0</subfield>
    <subfield code="1">0</subfield>
    <subfield code="2">ddc</subfield>
    <subfield code="4">0</subfield>
    <subfield code="7">0</subfield>
    <subfield code="a">12.28</subfield>
    <subfield code="b">12.28</subfield>
    <subfield code="d">2020-10-01</subfield>
    <subfield code="l">0</subfield>
    <subfield code="o">P Year 3 [E]</subfield>
    <subfield code="p">00050042SSW</subfield>
    <subfield code="r">2024-01-23 14:38:18</subfield>
    <subfield code="w">2024-01-23</subfield>
    <subfield code="y">TXB</subfield>
  </datafield>
  <datafield tag="952" ind1=" " ind2=" ">
    <subfield code="0">0</subfield>
    <subfield code="1">0</subfield>
    <subfield code="2">ddc</subfield>
    <subfield code="4">0</subfield>
    <subfield code="7">0</subfield>
    <subfield code="a">12.27</subfield>
    <subfield code="b">12.27</subfield>
    <subfield code="d">2020-11-06</subfield>
    <subfield code="l">1</subfield>
    <subfield code="o">AP Year 3 [E] MOR</subfield>
    <subfield code="p">00050403AGC</subfield>
    <subfield code="q">2024-11-29</subfield>
    <subfield code="r">2024-02-19 18:47:20</subfield>
    <subfield code="s">2024-02-19</subfield>
    <subfield code="w">2024-01-23</subfield>
    <subfield code="y">TXB</subfield>
  </datafield>
  <datafield tag="952" ind1=" " ind2=" ">
    <subfield code="0">0</subfield>
    <subfield code="1">0</subfield>
    <subfield code="2">ddc</subfield>
    <subfield code="4">0</subfield>
    <subfield code="7">0</subfield>
    <subfield code="a">12.27</subfield>
    <subfield code="b">12.27</subfield>
    <subfield code="d">2020-11-06</subfield>
    <subfield code="l">0</subfield>
    <subfield code="o">AP Year 3 [E] MOR</subfield>
    <subfield code="p">00050404AGC</subfield>
    <subfield code="r">2024-01-23 14:38:18</subfield>
    <subfield code="w">2024-01-23</subfield>
    <subfield code="y">TXB</subfield>
  </datafield>
  <datafield tag="952" ind1=" " ind2=" ">
    <subfield code="0">0</subfield>
    <subfield code="1">0</subfield>
    <subfield code="2">ddc</subfield>
    <subfield code="4">0</subfield>
    <subfield code="7">0</subfield>
    <subfield code="a">12.27</subfield>
    <subfield code="b">12.27</subfield>
    <subfield code="d">2020-11-06</subfield>
    <subfield code="l">1</subfield>
    <subfield code="o">AP Year 3 [E] MOR</subfield>
    <subfield code="p">00050405AGC</subfield>
    <subfield code="q">2024-11-29</subfield>
    <subfield code="r">2024-02-19 18:40:17</subfield>
    <subfield code="s">2024-02-19</subfield>
    <subfield code="w">2024-01-23</subfield>
    <subfield code="y">TXB</subfield>
  </datafield>
  <datafield tag="952" ind1=" " ind2=" ">
    <subfield code="0">0</subfield>
    <subfield code="1">0</subfield>
    <subfield code="2">ddc</subfield>
    <subfield code="4">0</subfield>
    <subfield code="7">0</subfield>
    <subfield code="a">12.27</subfield>
    <subfield code="b">12.27</subfield>
    <subfield code="d">2020-11-06</subfield>
    <subfield code="l">1</subfield>
    <subfield code="o">AP Year 3 [E] MOR</subfield>
    <subfield code="p">00050406AGC</subfield>
    <subfield code="r">2024-10-28 15:21:24</subfield>
    <subfield code="s">2024-01-29</subfield>
    <subfield code="w">2024-01-23</subfield>
    <subfield code="y">TXB</subfield>
  </datafield>
  <datafield tag="952" ind1=" " ind2=" ">
    <subfield code="0">0</subfield>
    <subfield code="1">0</subfield>
    <subfield code="2">ddc</subfield>
    <subfield code="4">0</subfield>
    <subfield code="7">0</subfield>
    <subfield code="a">12.27</subfield>
    <subfield code="b">12.27</subfield>
    <subfield code="d">2020-11-06</subfield>
    <subfield code="l">1</subfield>
    <subfield code="o">AP Year 3 [E] MOR</subfield>
    <subfield code="p">00050407AGC</subfield>
    <subfield code="q">2024-11-29</subfield>
    <subfield code="r">2024-02-19 18:38:11</subfield>
    <subfield code="s">2024-02-19</subfield>
    <subfield code="w">2024-01-23</subfield>
    <subfield code="y">TXB</subfield>
  </datafield>
  <datafield tag="952" ind1=" " ind2=" ">
    <subfield code="0">0</subfield>
    <subfield code="1">0</subfield>
    <subfield code="2">ddc</subfield>
    <subfield code="4">0</subfield>
    <subfield code="7">0</subfield>
    <subfield code="a">12.27</subfield>
    <subfield code="b">12.27</subfield>
    <subfield code="d">2020-11-06</subfield>
    <subfield code="l">0</subfield>
    <subfield code="o">AP Year 3 [E] MOR</subfield>
    <subfield code="p">00050408AGC</subfield>
    <subfield code="r">2024-01-23 14:38:18</subfield>
    <subfield code="w">2024-01-23</subfield>
    <subfield code="y">TXB</subfield>
  </datafield>
  <datafield tag="952" ind1=" " ind2=" ">
    <subfield code="0">0</subfield>
    <subfield code="1">0</subfield>
    <subfield code="2">ddc</subfield>
    <subfield code="4">0</subfield>
    <subfield code="7">0</subfield>
    <subfield code="a">12.27</subfield>
    <subfield code="b">12.27</subfield>
    <subfield code="d">2020-11-06</subfield>
    <subfield code="l">1</subfield>
    <subfield code="o">AP Year 3 [E] MOR</subfield>
    <subfield code="p">00050409AGC</subfield>
    <subfield code="q">2024-11-29</subfield>
    <subfield code="r">2024-02-19 18:25:03</subfield>
    <subfield code="s">2024-02-19</subfield>
    <subfield code="w">2024-01-23</subfield>
    <subfield code="y">TXB</subfield>
  </datafield>
  <datafield tag="952" ind1=" " ind2=" ">
    <subfield code="0">0</subfield>
    <subfield code="1">0</subfield>
    <subfield code="2">ddc</subfield>
    <subfield code="4">0</subfield>
    <subfield code="7">0</subfield>
    <subfield code="a">12.27</subfield>
    <subfield code="b">12.27</subfield>
    <subfield code="d">2020-11-06</subfield>
    <subfield code="l">3</subfield>
    <subfield code="o">AP Year 3 [E] MOR</subfield>
    <subfield code="p">00050410AGC</subfield>
    <subfield code="q">2024-11-29</subfield>
    <subfield code="r">2024-02-19 17:56:26</subfield>
    <subfield code="s">2024-02-19</subfield>
    <subfield code="w">2024-01-23</subfield>
    <subfield code="y">TXB</subfield>
  </datafield>
  <datafield tag="952" ind1=" " ind2=" ">
    <subfield code="0">0</subfield>
    <subfield code="1">0</subfield>
    <subfield code="2">ddc</subfield>
    <subfield code="4">0</subfield>
    <subfield code="7">0</subfield>
    <subfield code="a">12.27</subfield>
    <subfield code="b">12.27</subfield>
    <subfield code="d">2020-11-06</subfield>
    <subfield code="l">3</subfield>
    <subfield code="o">AP Year 3 [E] MOR</subfield>
    <subfield code="p">00050411AGC</subfield>
    <subfield code="q">2024-11-29</subfield>
    <subfield code="r">2024-02-19 17:59:36</subfield>
    <subfield code="s">2024-02-19</subfield>
    <subfield code="w">2024-01-23</subfield>
    <subfield code="y">TXB</subfield>
  </datafield>
  <datafield tag="952" ind1=" " ind2=" ">
    <subfield code="0">0</subfield>
    <subfield code="1">0</subfield>
    <subfield code="2">ddc</subfield>
    <subfield code="4">0</subfield>
    <subfield code="7">0</subfield>
    <subfield code="a">12.27</subfield>
    <subfield code="b">12.27</subfield>
    <subfield code="d">2020-11-06</subfield>
    <subfield code="l">0</subfield>
    <subfield code="o">AP Year 3 [E] MOR</subfield>
    <subfield code="p">00050412AGC</subfield>
    <subfield code="r">2024-01-23 14:38:18</subfield>
    <subfield code="w">2024-01-23</subfield>
    <subfield code="y">TXB</subfield>
  </datafield>
  <datafield tag="952" ind1=" " ind2=" ">
    <subfield code="0">0</subfield>
    <subfield code="1">0</subfield>
    <subfield code="2">ddc</subfield>
    <subfield code="4">0</subfield>
    <subfield code="7">0</subfield>
    <subfield code="a">12.27</subfield>
    <subfield code="b">12.27</subfield>
    <subfield code="d">2020-11-06</subfield>
    <subfield code="l">1</subfield>
    <subfield code="o">AP Year 3 [E] MOR</subfield>
    <subfield code="p">00050413AGC</subfield>
    <subfield code="q">2024-11-29</subfield>
    <subfield code="r">2024-02-19 18:41:35</subfield>
    <subfield code="s">2024-02-19</subfield>
    <subfield code="w">2024-01-23</subfield>
    <subfield code="y">TXB</subfield>
  </datafield>
  <datafield tag="952" ind1=" " ind2=" ">
    <subfield code="0">0</subfield>
    <subfield code="1">0</subfield>
    <subfield code="2">ddc</subfield>
    <subfield code="4">0</subfield>
    <subfield code="7">0</subfield>
    <subfield code="a">12.27</subfield>
    <subfield code="b">12.27</subfield>
    <subfield code="d">2020-11-06</subfield>
    <subfield code="l">1</subfield>
    <subfield code="o">AP Year 3 [E] MOR</subfield>
    <subfield code="p">00050414AGC</subfield>
    <subfield code="q">2024-11-29</subfield>
    <subfield code="r">2024-02-19 18:16:00</subfield>
    <subfield code="s">2024-02-19</subfield>
    <subfield code="w">2024-01-23</subfield>
    <subfield code="y">TXB</subfield>
  </datafield>
  <datafield tag="952" ind1=" " ind2=" ">
    <subfield code="0">0</subfield>
    <subfield code="1">0</subfield>
    <subfield code="2">ddc</subfield>
    <subfield code="4">0</subfield>
    <subfield code="7">0</subfield>
    <subfield code="a">12.27</subfield>
    <subfield code="b">12.27</subfield>
    <subfield code="d">2020-11-06</subfield>
    <subfield code="l">3</subfield>
    <subfield code="o">AP Year 3 [E] MOR</subfield>
    <subfield code="p">00050415AGC</subfield>
    <subfield code="q">2024-11-29</subfield>
    <subfield code="r">2024-02-19 17:58:58</subfield>
    <subfield code="s">2024-02-19</subfield>
    <subfield code="w">2024-01-23</subfield>
    <subfield code="y">TXB</subfield>
  </datafield>
  <datafield tag="952" ind1=" " ind2=" ">
    <subfield code="0">0</subfield>
    <subfield code="1">0</subfield>
    <subfield code="2">ddc</subfield>
    <subfield code="4">0</subfield>
    <subfield code="7">0</subfield>
    <subfield code="a">12.27</subfield>
    <subfield code="b">12.27</subfield>
    <subfield code="d">2020-11-06</subfield>
    <subfield code="l">1</subfield>
    <subfield code="o">AP Year 3 [E] MOR</subfield>
    <subfield code="p">00050416AGC</subfield>
    <subfield code="r">2024-07-24 16:48:24</subfield>
    <subfield code="s">2024-05-15</subfield>
    <subfield code="w">2024-01-23</subfield>
    <subfield code="y">TXB</subfield>
  </datafield>
  <datafield tag="952" ind1=" " ind2=" ">
    <subfield code="0">0</subfield>
    <subfield code="1">0</subfield>
    <subfield code="2">ddc</subfield>
    <subfield code="4">0</subfield>
    <subfield code="7">0</subfield>
    <subfield code="a">12.28</subfield>
    <subfield code="b">12.28</subfield>
    <subfield code="d">2020-11-16</subfield>
    <subfield code="l">0</subfield>
    <subfield code="o">P Year 3 [E] MOR</subfield>
    <subfield code="p">00051082SSW</subfield>
    <subfield code="r">2024-01-23 14:38:18</subfield>
    <subfield code="w">2024-01-23</subfield>
    <subfield code="y">TXB</subfield>
  </datafield>
  <datafield tag="952" ind1=" " ind2=" ">
    <subfield code="0">0</subfield>
    <subfield code="1">0</subfield>
    <subfield code="2">ddc</subfield>
    <subfield code="4">0</subfield>
    <subfield code="7">0</subfield>
    <subfield code="a">12.28</subfield>
    <subfield code="b">12.28</subfield>
    <subfield code="d">2020-11-16</subfield>
    <subfield code="l">1</subfield>
    <subfield code="o">P Year 3 [E] MOR</subfield>
    <subfield code="p">00051083SSW</subfield>
    <subfield code="q">2024-11-29</subfield>
    <subfield code="r">2024-02-20 21:54:44</subfield>
    <subfield code="s">2024-02-20</subfield>
    <subfield code="w">2024-01-23</subfield>
    <subfield code="y">TXB</subfield>
  </datafield>
  <datafield tag="952" ind1=" " ind2=" ">
    <subfield code="0">0</subfield>
    <subfield code="1">0</subfield>
    <subfield code="2">ddc</subfield>
    <subfield code="4">0</subfield>
    <subfield code="7">0</subfield>
    <subfield code="a">12.28</subfield>
    <subfield code="b">12.28</subfield>
    <subfield code="d">2020-11-16</subfield>
    <subfield code="l">0</subfield>
    <subfield code="o">P Year 3 [E] MOR</subfield>
    <subfield code="p">00051084SSW</subfield>
    <subfield code="r">2024-01-23 14:38:18</subfield>
    <subfield code="w">2024-01-23</subfield>
    <subfield code="y">TXB</subfield>
  </datafield>
  <datafield tag="952" ind1=" " ind2=" ">
    <subfield code="0">0</subfield>
    <subfield code="1">0</subfield>
    <subfield code="2">ddc</subfield>
    <subfield code="4">0</subfield>
    <subfield code="7">0</subfield>
    <subfield code="a">12.28</subfield>
    <subfield code="b">12.28</subfield>
    <subfield code="d">2020-11-16</subfield>
    <subfield code="l">1</subfield>
    <subfield code="o">P Year 3 [E] MOR</subfield>
    <subfield code="p">00051085SSW</subfield>
    <subfield code="q">2024-11-29</subfield>
    <subfield code="r">2024-02-20 21:58:24</subfield>
    <subfield code="s">2024-02-20</subfield>
    <subfield code="w">2024-01-23</subfield>
    <subfield code="y">TXB</subfield>
  </datafield>
  <datafield tag="952" ind1=" " ind2=" ">
    <subfield code="0">0</subfield>
    <subfield code="1">0</subfield>
    <subfield code="2">ddc</subfield>
    <subfield code="4">0</subfield>
    <subfield code="7">0</subfield>
    <subfield code="a">12.27</subfield>
    <subfield code="b">12.27</subfield>
    <subfield code="d">2020-11-06</subfield>
    <subfield code="l">1</subfield>
    <subfield code="o">AP Year 3 [E] MOR</subfield>
    <subfield code="p">00050389AGC</subfield>
    <subfield code="q">2024-11-29</subfield>
    <subfield code="r">2024-02-19 18:50:47</subfield>
    <subfield code="s">2024-02-19</subfield>
    <subfield code="w">2024-01-23</subfield>
    <subfield code="y">TXB</subfield>
  </datafield>
  <datafield tag="952" ind1=" " ind2=" ">
    <subfield code="0">0</subfield>
    <subfield code="1">0</subfield>
    <subfield code="2">ddc</subfield>
    <subfield code="4">0</subfield>
    <subfield code="7">0</subfield>
    <subfield code="a">12.27</subfield>
    <subfield code="b">12.27</subfield>
    <subfield code="d">2020-11-06</subfield>
    <subfield code="l">3</subfield>
    <subfield code="o">AP Year 3 [E] MOR</subfield>
    <subfield code="p">00050390AGC</subfield>
    <subfield code="q">2024-11-29</subfield>
    <subfield code="r">2024-02-19 17:55:41</subfield>
    <subfield code="s">2024-02-19</subfield>
    <subfield code="w">2024-01-23</subfield>
    <subfield code="y">TXB</subfield>
  </datafield>
  <datafield tag="952" ind1=" " ind2=" ">
    <subfield code="0">0</subfield>
    <subfield code="1">0</subfield>
    <subfield code="2">ddc</subfield>
    <subfield code="4">0</subfield>
    <subfield code="7">0</subfield>
    <subfield code="a">12.27</subfield>
    <subfield code="b">12.27</subfield>
    <subfield code="d">2020-11-06</subfield>
    <subfield code="l">0</subfield>
    <subfield code="o">AP Year 3 [E] MOR</subfield>
    <subfield code="p">00050391AGC</subfield>
    <subfield code="r">2024-01-23 14:38:19</subfield>
    <subfield code="w">2024-01-23</subfield>
    <subfield code="y">TXB</subfield>
  </datafield>
  <datafield tag="952" ind1=" " ind2=" ">
    <subfield code="0">0</subfield>
    <subfield code="1">0</subfield>
    <subfield code="2">ddc</subfield>
    <subfield code="4">0</subfield>
    <subfield code="7">0</subfield>
    <subfield code="a">12.27</subfield>
    <subfield code="b">12.27</subfield>
    <subfield code="d">2020-11-06</subfield>
    <subfield code="l">2</subfield>
    <subfield code="o">AP Year 3 [E] MOR</subfield>
    <subfield code="p">00050392AGC</subfield>
    <subfield code="q">2024-11-29</subfield>
    <subfield code="r">2024-02-19 18:56:02</subfield>
    <subfield code="s">2024-02-19</subfield>
    <subfield code="w">2024-01-23</subfield>
    <subfield code="y">TXB</subfield>
  </datafield>
  <datafield tag="952" ind1=" " ind2=" ">
    <subfield code="0">0</subfield>
    <subfield code="1">0</subfield>
    <subfield code="2">ddc</subfield>
    <subfield code="4">0</subfield>
    <subfield code="7">0</subfield>
    <subfield code="a">12.27</subfield>
    <subfield code="b">12.27</subfield>
    <subfield code="d">2020-11-06</subfield>
    <subfield code="l">3</subfield>
    <subfield code="o">AP Year 3 [E] MOR</subfield>
    <subfield code="p">00050393AGC</subfield>
    <subfield code="q">2024-11-29</subfield>
    <subfield code="r">2024-02-19 17:57:40</subfield>
    <subfield code="s">2024-02-19</subfield>
    <subfield code="w">2024-01-23</subfield>
    <subfield code="y">TXB</subfield>
  </datafield>
  <datafield tag="952" ind1=" " ind2=" ">
    <subfield code="0">0</subfield>
    <subfield code="1">0</subfield>
    <subfield code="2">ddc</subfield>
    <subfield code="4">0</subfield>
    <subfield code="7">0</subfield>
    <subfield code="a">12.27</subfield>
    <subfield code="b">12.27</subfield>
    <subfield code="d">2020-11-06</subfield>
    <subfield code="l">0</subfield>
    <subfield code="o">AP Year 3 [E] MOR</subfield>
    <subfield code="p">00050394AGC</subfield>
    <subfield code="r">2024-01-23 14:38:19</subfield>
    <subfield code="w">2024-01-23</subfield>
    <subfield code="y">TXB</subfield>
  </datafield>
  <datafield tag="952" ind1=" " ind2=" ">
    <subfield code="0">0</subfield>
    <subfield code="1">0</subfield>
    <subfield code="2">ddc</subfield>
    <subfield code="4">0</subfield>
    <subfield code="7">0</subfield>
    <subfield code="a">12.27</subfield>
    <subfield code="b">12.27</subfield>
    <subfield code="d">2020-11-06</subfield>
    <subfield code="l">1</subfield>
    <subfield code="o">AP Year 3 [E] MOR</subfield>
    <subfield code="p">00050395AGC</subfield>
    <subfield code="q">2024-11-29</subfield>
    <subfield code="r">2024-02-26 13:54:41</subfield>
    <subfield code="s">2024-02-26</subfield>
    <subfield code="w">2024-01-23</subfield>
    <subfield code="y">TXB</subfield>
  </datafield>
  <datafield tag="952" ind1=" " ind2=" ">
    <subfield code="0">0</subfield>
    <subfield code="1">0</subfield>
    <subfield code="2">ddc</subfield>
    <subfield code="4">0</subfield>
    <subfield code="7">0</subfield>
    <subfield code="a">12.27</subfield>
    <subfield code="b">12.27</subfield>
    <subfield code="d">2020-11-06</subfield>
    <subfield code="l">1</subfield>
    <subfield code="o">AP Year 3 [E] MOR</subfield>
    <subfield code="p">00050396AGC</subfield>
    <subfield code="r">2024-06-25 16:21:40</subfield>
    <subfield code="s">2024-03-04</subfield>
    <subfield code="w">2024-01-23</subfield>
    <subfield code="y">TXB</subfield>
  </datafield>
  <datafield tag="952" ind1=" " ind2=" ">
    <subfield code="0">0</subfield>
    <subfield code="1">0</subfield>
    <subfield code="2">ddc</subfield>
    <subfield code="4">0</subfield>
    <subfield code="7">0</subfield>
    <subfield code="a">12.27</subfield>
    <subfield code="b">12.27</subfield>
    <subfield code="d">2020-11-06</subfield>
    <subfield code="l">0</subfield>
    <subfield code="o">AP Year 3 [E] MOR</subfield>
    <subfield code="p">00050397AGC</subfield>
    <subfield code="r">2024-01-23 14:38:19</subfield>
    <subfield code="w">2024-01-23</subfield>
    <subfield code="y">TXB</subfield>
  </datafield>
  <datafield tag="952" ind1=" " ind2=" ">
    <subfield code="0">0</subfield>
    <subfield code="1">0</subfield>
    <subfield code="2">ddc</subfield>
    <subfield code="4">0</subfield>
    <subfield code="7">0</subfield>
    <subfield code="a">12.27</subfield>
    <subfield code="b">12.27</subfield>
    <subfield code="d">2020-11-06</subfield>
    <subfield code="l">0</subfield>
    <subfield code="o">AP Year 3 [E] MOR</subfield>
    <subfield code="p">00050398AGC</subfield>
    <subfield code="r">2024-01-23 14:38:19</subfield>
    <subfield code="w">2024-01-23</subfield>
    <subfield code="y">TXB</subfield>
  </datafield>
  <datafield tag="952" ind1=" " ind2=" ">
    <subfield code="0">0</subfield>
    <subfield code="1">0</subfield>
    <subfield code="2">ddc</subfield>
    <subfield code="4">0</subfield>
    <subfield code="7">0</subfield>
    <subfield code="a">12.27</subfield>
    <subfield code="b">12.27</subfield>
    <subfield code="d">2020-11-06</subfield>
    <subfield code="l">1</subfield>
    <subfield code="o">AP Year 3 [E] MOR</subfield>
    <subfield code="p">00050399AGC</subfield>
    <subfield code="q">2024-11-29</subfield>
    <subfield code="r">2024-02-19 18:55:26</subfield>
    <subfield code="s">2024-02-19</subfield>
    <subfield code="w">2024-01-23</subfield>
    <subfield code="y">TXB</subfield>
  </datafield>
  <datafield tag="952" ind1=" " ind2=" ">
    <subfield code="0">0</subfield>
    <subfield code="1">0</subfield>
    <subfield code="2">ddc</subfield>
    <subfield code="4">0</subfield>
    <subfield code="7">0</subfield>
    <subfield code="a">12.27</subfield>
    <subfield code="b">12.27</subfield>
    <subfield code="d">2020-11-06</subfield>
    <subfield code="l">3</subfield>
    <subfield code="o">AP Year 3 [E] MOR</subfield>
    <subfield code="p">00050400AGC</subfield>
    <subfield code="q">2024-11-29</subfield>
    <subfield code="r">2024-02-19 17:58:16</subfield>
    <subfield code="s">2024-02-19</subfield>
    <subfield code="w">2024-01-23</subfield>
    <subfield code="y">TXB</subfield>
  </datafield>
  <datafield tag="952" ind1=" " ind2=" ">
    <subfield code="0">0</subfield>
    <subfield code="1">0</subfield>
    <subfield code="2">ddc</subfield>
    <subfield code="4">0</subfield>
    <subfield code="7">0</subfield>
    <subfield code="a">12.27</subfield>
    <subfield code="b">12.27</subfield>
    <subfield code="d">2020-11-06</subfield>
    <subfield code="l">1</subfield>
    <subfield code="o">AP Year 3 [E] MOR</subfield>
    <subfield code="p">00050401AGC</subfield>
    <subfield code="q">2024-11-29</subfield>
    <subfield code="r">2024-02-19 18:24:37</subfield>
    <subfield code="s">2024-02-19</subfield>
    <subfield code="w">2024-01-23</subfield>
    <subfield code="y">TXB</subfield>
  </datafield>
  <datafield tag="952" ind1=" " ind2=" ">
    <subfield code="0">0</subfield>
    <subfield code="1">0</subfield>
    <subfield code="2">ddc</subfield>
    <subfield code="4">0</subfield>
    <subfield code="7">0</subfield>
    <subfield code="a">12.27</subfield>
    <subfield code="b">12.27</subfield>
    <subfield code="d">2020-11-06</subfield>
    <subfield code="l">0</subfield>
    <subfield code="o">AP Year 3 [E] MOR</subfield>
    <subfield code="p">00050402AGC</subfield>
    <subfield code="r">2024-01-23 14:38:19</subfield>
    <subfield code="w">2024-01-23</subfield>
    <subfield code="y">TXB</subfield>
  </datafield>
  <datafield tag="952" ind1=" " ind2=" ">
    <subfield code="0">0</subfield>
    <subfield code="1">0</subfield>
    <subfield code="2">ddc</subfield>
    <subfield code="4">0</subfield>
    <subfield code="7">0</subfield>
    <subfield code="a">12.27</subfield>
    <subfield code="b">12.27</subfield>
    <subfield code="d">2020-11-06</subfield>
    <subfield code="l">1</subfield>
    <subfield code="o">AP Year 3 [E] MOR</subfield>
    <subfield code="p">00050417AGC</subfield>
    <subfield code="q">2024-11-29</subfield>
    <subfield code="r">2024-02-19 18:48:08</subfield>
    <subfield code="s">2024-02-19</subfield>
    <subfield code="w">2024-01-23</subfield>
    <subfield code="y">TXB</subfield>
  </datafield>
  <datafield tag="952" ind1=" " ind2=" ">
    <subfield code="0">0</subfield>
    <subfield code="1">0</subfield>
    <subfield code="2">ddc</subfield>
    <subfield code="4">0</subfield>
    <subfield code="7">0</subfield>
    <subfield code="a">12.27</subfield>
    <subfield code="b">12.27</subfield>
    <subfield code="d">2020-11-06</subfield>
    <subfield code="l">2</subfield>
    <subfield code="o">AP Year 3 [E] MOR</subfield>
    <subfield code="p">00050418AGC</subfield>
    <subfield code="q">2024-11-29</subfield>
    <subfield code="r">2024-03-15 16:48:13</subfield>
    <subfield code="s">2024-03-15</subfield>
    <subfield code="w">2024-01-23</subfield>
    <subfield code="y">TXB</subfield>
  </datafield>
  <datafield tag="952" ind1=" " ind2=" ">
    <subfield code="0">0</subfield>
    <subfield code="1">0</subfield>
    <subfield code="2">ddc</subfield>
    <subfield code="4">0</subfield>
    <subfield code="7">0</subfield>
    <subfield code="a">12.27</subfield>
    <subfield code="b">12.27</subfield>
    <subfield code="d">2020-11-06</subfield>
    <subfield code="l">0</subfield>
    <subfield code="o">AP Year 3 [E] MOR</subfield>
    <subfield code="p">00050419AGC</subfield>
    <subfield code="r">2024-01-23 14:38:19</subfield>
    <subfield code="w">2024-01-23</subfield>
    <subfield code="y">TXB</subfield>
  </datafield>
  <datafield tag="952" ind1=" " ind2=" ">
    <subfield code="0">0</subfield>
    <subfield code="1">0</subfield>
    <subfield code="2">ddc</subfield>
    <subfield code="4">0</subfield>
    <subfield code="7">0</subfield>
    <subfield code="a">12.27</subfield>
    <subfield code="b">12.27</subfield>
    <subfield code="d">2020-11-06</subfield>
    <subfield code="l">1</subfield>
    <subfield code="o">AP Year 3 [E] MOR</subfield>
    <subfield code="p">00050436AGC</subfield>
    <subfield code="q">2024-11-29</subfield>
    <subfield code="r">2024-02-19 18:40:56</subfield>
    <subfield code="s">2024-02-19</subfield>
    <subfield code="w">2024-01-23</subfield>
    <subfield code="y">TXB</subfield>
  </datafield>
  <datafield tag="952" ind1=" " ind2=" ">
    <subfield code="0">0</subfield>
    <subfield code="1">0</subfield>
    <subfield code="2">ddc</subfield>
    <subfield code="4">0</subfield>
    <subfield code="7">0</subfield>
    <subfield code="a">12.27</subfield>
    <subfield code="b">12.27</subfield>
    <subfield code="d">2020-11-06</subfield>
    <subfield code="l">1</subfield>
    <subfield code="o">AP Year 3 [E] MOR</subfield>
    <subfield code="p">00050420AGC</subfield>
    <subfield code="q">2024-11-29</subfield>
    <subfield code="r">2024-05-15 18:37:02</subfield>
    <subfield code="s">2024-05-15</subfield>
    <subfield code="w">2024-01-23</subfield>
    <subfield code="y">TXB</subfield>
  </datafield>
  <datafield tag="952" ind1=" " ind2=" ">
    <subfield code="0">0</subfield>
    <subfield code="1">0</subfield>
    <subfield code="2">ddc</subfield>
    <subfield code="4">0</subfield>
    <subfield code="7">0</subfield>
    <subfield code="a">12.27</subfield>
    <subfield code="b">12.27</subfield>
    <subfield code="d">2020-11-06</subfield>
    <subfield code="l">1</subfield>
    <subfield code="o">AP Year 3 [E] MOR</subfield>
    <subfield code="p">00050421AGC</subfield>
    <subfield code="q">2024-11-29</subfield>
    <subfield code="r">2024-02-19 18:20:08</subfield>
    <subfield code="s">2024-02-19</subfield>
    <subfield code="w">2024-01-23</subfield>
    <subfield code="y">TXB</subfield>
  </datafield>
  <datafield tag="952" ind1=" " ind2=" ">
    <subfield code="0">0</subfield>
    <subfield code="1">0</subfield>
    <subfield code="2">ddc</subfield>
    <subfield code="4">0</subfield>
    <subfield code="7">0</subfield>
    <subfield code="a">12.27</subfield>
    <subfield code="b">12.27</subfield>
    <subfield code="d">2020-11-06</subfield>
    <subfield code="l">1</subfield>
    <subfield code="o">AP Year 3 [E] MOR</subfield>
    <subfield code="p">00050422AGC</subfield>
    <subfield code="q">2024-11-29</subfield>
    <subfield code="r">2024-02-19 18:02:46</subfield>
    <subfield code="s">2024-02-19</subfield>
    <subfield code="w">2024-01-23</subfield>
    <subfield code="y">TXB</subfield>
  </datafield>
  <datafield tag="952" ind1=" " ind2=" ">
    <subfield code="0">0</subfield>
    <subfield code="1">0</subfield>
    <subfield code="2">ddc</subfield>
    <subfield code="4">0</subfield>
    <subfield code="7">0</subfield>
    <subfield code="a">12.27</subfield>
    <subfield code="b">12.27</subfield>
    <subfield code="d">2020-11-06</subfield>
    <subfield code="l">1</subfield>
    <subfield code="o">AP Year 3 [E] MOR</subfield>
    <subfield code="p">00050423AGC</subfield>
    <subfield code="q">2024-11-29</subfield>
    <subfield code="r">2024-02-19 18:37:26</subfield>
    <subfield code="s">2024-02-19</subfield>
    <subfield code="w">2024-01-23</subfield>
    <subfield code="y">TXB</subfield>
  </datafield>
  <datafield tag="952" ind1=" " ind2=" ">
    <subfield code="0">0</subfield>
    <subfield code="1">0</subfield>
    <subfield code="2">ddc</subfield>
    <subfield code="4">0</subfield>
    <subfield code="7">0</subfield>
    <subfield code="a">12.27</subfield>
    <subfield code="b">12.27</subfield>
    <subfield code="d">2020-11-06</subfield>
    <subfield code="l">0</subfield>
    <subfield code="o">AP Year 3 [E] MOR</subfield>
    <subfield code="p">00050424AGC</subfield>
    <subfield code="r">2024-01-23 14:38:19</subfield>
    <subfield code="w">2024-01-23</subfield>
    <subfield code="y">TXB</subfield>
  </datafield>
  <datafield tag="952" ind1=" " ind2=" ">
    <subfield code="0">0</subfield>
    <subfield code="1">0</subfield>
    <subfield code="2">ddc</subfield>
    <subfield code="4">0</subfield>
    <subfield code="7">0</subfield>
    <subfield code="a">12.27</subfield>
    <subfield code="b">12.27</subfield>
    <subfield code="d">2020-11-06</subfield>
    <subfield code="l">1</subfield>
    <subfield code="o">AP Year 3 [E] MOR</subfield>
    <subfield code="p">00050425AGC</subfield>
    <subfield code="q">2024-11-29</subfield>
    <subfield code="r">2024-02-19 18:48:44</subfield>
    <subfield code="s">2024-02-19</subfield>
    <subfield code="w">2024-01-23</subfield>
    <subfield code="y">TXB</subfield>
  </datafield>
  <datafield tag="952" ind1=" " ind2=" ">
    <subfield code="0">0</subfield>
    <subfield code="1">0</subfield>
    <subfield code="2">ddc</subfield>
    <subfield code="4">0</subfield>
    <subfield code="7">0</subfield>
    <subfield code="a">12.27</subfield>
    <subfield code="b">12.27</subfield>
    <subfield code="d">2020-11-06</subfield>
    <subfield code="l">1</subfield>
    <subfield code="o">AP Year 3 [E] MOR</subfield>
    <subfield code="p">00050426AGC</subfield>
    <subfield code="q">2024-11-29</subfield>
    <subfield code="r">2024-02-19 18:35:59</subfield>
    <subfield code="s">2024-02-19</subfield>
    <subfield code="w">2024-01-23</subfield>
    <subfield code="y">TXB</subfield>
  </datafield>
  <datafield tag="952" ind1=" " ind2=" ">
    <subfield code="0">0</subfield>
    <subfield code="1">0</subfield>
    <subfield code="2">ddc</subfield>
    <subfield code="4">0</subfield>
    <subfield code="7">0</subfield>
    <subfield code="a">12.27</subfield>
    <subfield code="b">12.27</subfield>
    <subfield code="d">2020-11-06</subfield>
    <subfield code="l">1</subfield>
    <subfield code="o">AP Year 3 [E] MOR</subfield>
    <subfield code="p">00050427AGC</subfield>
    <subfield code="q">2024-11-29</subfield>
    <subfield code="r">2024-02-19 18:39:18</subfield>
    <subfield code="s">2024-02-19</subfield>
    <subfield code="w">2024-01-23</subfield>
    <subfield code="y">TXB</subfield>
  </datafield>
  <datafield tag="952" ind1=" " ind2=" ">
    <subfield code="0">0</subfield>
    <subfield code="1">0</subfield>
    <subfield code="2">ddc</subfield>
    <subfield code="4">0</subfield>
    <subfield code="7">0</subfield>
    <subfield code="a">12.27</subfield>
    <subfield code="b">12.27</subfield>
    <subfield code="d">2020-11-06</subfield>
    <subfield code="l">0</subfield>
    <subfield code="o">AP Year 3 [E] MOR</subfield>
    <subfield code="p">00050428AGC</subfield>
    <subfield code="r">2024-01-23 14:38:19</subfield>
    <subfield code="w">2024-01-23</subfield>
    <subfield code="y">TXB</subfield>
  </datafield>
  <datafield tag="952" ind1=" " ind2=" ">
    <subfield code="0">0</subfield>
    <subfield code="1">0</subfield>
    <subfield code="2">ddc</subfield>
    <subfield code="4">0</subfield>
    <subfield code="7">0</subfield>
    <subfield code="a">12.27</subfield>
    <subfield code="b">12.27</subfield>
    <subfield code="d">2020-11-06</subfield>
    <subfield code="l">1</subfield>
    <subfield code="o">AP Year 3 [E] MOR</subfield>
    <subfield code="p">00050429AGC</subfield>
    <subfield code="q">2024-11-29</subfield>
    <subfield code="r">2024-02-19 18:56:39</subfield>
    <subfield code="s">2024-02-19</subfield>
    <subfield code="w">2024-01-23</subfield>
    <subfield code="y">TXB</subfield>
  </datafield>
  <datafield tag="952" ind1=" " ind2=" ">
    <subfield code="0">0</subfield>
    <subfield code="1">0</subfield>
    <subfield code="2">ddc</subfield>
    <subfield code="4">0</subfield>
    <subfield code="7">0</subfield>
    <subfield code="a">12.27</subfield>
    <subfield code="b">12.27</subfield>
    <subfield code="d">2020-11-06</subfield>
    <subfield code="l">1</subfield>
    <subfield code="o">AP Year 3 [E] MOR</subfield>
    <subfield code="p">00050430AGC</subfield>
    <subfield code="q">2024-11-29</subfield>
    <subfield code="r">2024-02-19 19:02:58</subfield>
    <subfield code="s">2024-02-19</subfield>
    <subfield code="w">2024-01-23</subfield>
    <subfield code="y">TXB</subfield>
  </datafield>
  <datafield tag="952" ind1=" " ind2=" ">
    <subfield code="0">0</subfield>
    <subfield code="1">0</subfield>
    <subfield code="2">ddc</subfield>
    <subfield code="4">0</subfield>
    <subfield code="7">0</subfield>
    <subfield code="a">12.27</subfield>
    <subfield code="b">12.27</subfield>
    <subfield code="d">2020-11-06</subfield>
    <subfield code="l">0</subfield>
    <subfield code="o">AP Year 3 [E] MOR</subfield>
    <subfield code="p">00050431AGC</subfield>
    <subfield code="r">2024-01-23 14:38:19</subfield>
    <subfield code="w">2024-01-23</subfield>
    <subfield code="y">TXB</subfield>
  </datafield>
  <datafield tag="952" ind1=" " ind2=" ">
    <subfield code="0">0</subfield>
    <subfield code="1">0</subfield>
    <subfield code="2">ddc</subfield>
    <subfield code="4">0</subfield>
    <subfield code="7">0</subfield>
    <subfield code="a">12.27</subfield>
    <subfield code="b">12.27</subfield>
    <subfield code="d">2020-11-06</subfield>
    <subfield code="l">2</subfield>
    <subfield code="o">AP Year 3 [E] MOR</subfield>
    <subfield code="p">00050432AGC</subfield>
    <subfield code="q">2024-11-29</subfield>
    <subfield code="r">2024-02-19 18:31:54</subfield>
    <subfield code="s">2024-02-19</subfield>
    <subfield code="w">2024-01-23</subfield>
    <subfield code="y">TXB</subfield>
  </datafield>
  <datafield tag="952" ind1=" " ind2=" ">
    <subfield code="0">0</subfield>
    <subfield code="1">0</subfield>
    <subfield code="2">ddc</subfield>
    <subfield code="4">0</subfield>
    <subfield code="7">0</subfield>
    <subfield code="a">12.27</subfield>
    <subfield code="b">12.27</subfield>
    <subfield code="d">2020-11-06</subfield>
    <subfield code="l">0</subfield>
    <subfield code="o">AP Year 3 [E] MOR</subfield>
    <subfield code="p">00050433AGC</subfield>
    <subfield code="r">2024-01-23 14:38:20</subfield>
    <subfield code="w">2024-01-23</subfield>
    <subfield code="y">TXB</subfield>
  </datafield>
  <datafield tag="952" ind1=" " ind2=" ">
    <subfield code="0">0</subfield>
    <subfield code="1">0</subfield>
    <subfield code="2">ddc</subfield>
    <subfield code="4">0</subfield>
    <subfield code="7">0</subfield>
    <subfield code="a">12.27</subfield>
    <subfield code="b">12.27</subfield>
    <subfield code="d">2020-11-06</subfield>
    <subfield code="l">1</subfield>
    <subfield code="o">AP Year 3 [E] MOR</subfield>
    <subfield code="p">00050434AGC</subfield>
    <subfield code="r">2024-08-08 19:06:12</subfield>
    <subfield code="s">2024-02-19</subfield>
    <subfield code="w">2024-01-23</subfield>
    <subfield code="y">TXB</subfield>
  </datafield>
  <datafield tag="952" ind1=" " ind2=" ">
    <subfield code="0">0</subfield>
    <subfield code="1">0</subfield>
    <subfield code="2">ddc</subfield>
    <subfield code="4">0</subfield>
    <subfield code="7">0</subfield>
    <subfield code="a">12.27</subfield>
    <subfield code="b">12.27</subfield>
    <subfield code="d">2020-11-06</subfield>
    <subfield code="l">1</subfield>
    <subfield code="o">AP Year 3 [E] MOR</subfield>
    <subfield code="p">00050435AGC</subfield>
    <subfield code="q">2024-11-29</subfield>
    <subfield code="r">2024-02-19 18:36:47</subfield>
    <subfield code="s">2024-02-19</subfield>
    <subfield code="w">2024-01-23</subfield>
    <subfield code="y">TXB</subfield>
  </datafield>
  <datafield tag="952" ind1=" " ind2=" ">
    <subfield code="0">0</subfield>
    <subfield code="1">0</subfield>
    <subfield code="2">ddc</subfield>
    <subfield code="4">0</subfield>
    <subfield code="7">0</subfield>
    <subfield code="a">12.27</subfield>
    <subfield code="b">12.27</subfield>
    <subfield code="d">2020-11-06</subfield>
    <subfield code="l">0</subfield>
    <subfield code="o">AP Year 3 [E] MOR</subfield>
    <subfield code="p">00050437AGC</subfield>
    <subfield code="r">2024-01-23 14:38:20</subfield>
    <subfield code="w">2024-01-23</subfield>
    <subfield code="y">TXB</subfield>
  </datafield>
  <datafield tag="952" ind1=" " ind2=" ">
    <subfield code="0">0</subfield>
    <subfield code="1">0</subfield>
    <subfield code="2">ddc</subfield>
    <subfield code="4">0</subfield>
    <subfield code="7">0</subfield>
    <subfield code="a">12.28</subfield>
    <subfield code="b">12.28</subfield>
    <subfield code="d">2022-12-20</subfield>
    <subfield code="l">1</subfield>
    <subfield code="o">P Year 3 [E] MOR</subfield>
    <subfield code="p">00059503SSW</subfield>
    <subfield code="q">2024-11-29</subfield>
    <subfield code="r">2024-02-20 21:23:08</subfield>
    <subfield code="s">2024-02-20</subfield>
    <subfield code="w">2024-01-23</subfield>
    <subfield code="y">TXB</subfield>
  </datafield>
  <datafield tag="952" ind1=" " ind2=" ">
    <subfield code="0">0</subfield>
    <subfield code="1">0</subfield>
    <subfield code="2">ddc</subfield>
    <subfield code="4">0</subfield>
    <subfield code="7">0</subfield>
    <subfield code="a">12.28</subfield>
    <subfield code="b">12.28</subfield>
    <subfield code="d">2022-12-20</subfield>
    <subfield code="l">1</subfield>
    <subfield code="o">P Year 3 [E] MOR</subfield>
    <subfield code="p">00059504SSW</subfield>
    <subfield code="q">2024-11-29</subfield>
    <subfield code="r">2024-02-20 21:47:24</subfield>
    <subfield code="s">2024-02-20</subfield>
    <subfield code="w">2024-01-23</subfield>
    <subfield code="y">TXB</subfield>
  </datafield>
  <datafield tag="952" ind1=" " ind2=" ">
    <subfield code="0">0</subfield>
    <subfield code="1">0</subfield>
    <subfield code="2">ddc</subfield>
    <subfield code="4">0</subfield>
    <subfield code="7">0</subfield>
    <subfield code="a">12.28</subfield>
    <subfield code="b">12.28</subfield>
    <subfield code="d">2022-12-20</subfield>
    <subfield code="l">1</subfield>
    <subfield code="o">P Year 3 [E] MOR</subfield>
    <subfield code="p">00059505SSW</subfield>
    <subfield code="q">2024-11-29</subfield>
    <subfield code="r">2024-02-20 18:08:32</subfield>
    <subfield code="s">2024-02-20</subfield>
    <subfield code="w">2024-01-23</subfield>
    <subfield code="y">TXB</subfield>
  </datafield>
  <datafield tag="952" ind1=" " ind2=" ">
    <subfield code="0">0</subfield>
    <subfield code="1">0</subfield>
    <subfield code="2">ddc</subfield>
    <subfield code="4">0</subfield>
    <subfield code="7">0</subfield>
    <subfield code="a">12.28</subfield>
    <subfield code="b">12.28</subfield>
    <subfield code="d">2022-12-20</subfield>
    <subfield code="l">1</subfield>
    <subfield code="o">P Year 3 [E] MOR</subfield>
    <subfield code="p">00059506SSW</subfield>
    <subfield code="q">2024-11-29</subfield>
    <subfield code="r">2024-02-20 21:32:46</subfield>
    <subfield code="s">2024-02-20</subfield>
    <subfield code="w">2024-01-23</subfield>
    <subfield code="y">TXB</subfield>
  </datafield>
  <datafield tag="952" ind1=" " ind2=" ">
    <subfield code="0">0</subfield>
    <subfield code="1">0</subfield>
    <subfield code="2">ddc</subfield>
    <subfield code="4">0</subfield>
    <subfield code="7">0</subfield>
    <subfield code="a">12.28</subfield>
    <subfield code="b">12.28</subfield>
    <subfield code="d">2022-12-20</subfield>
    <subfield code="l">1</subfield>
    <subfield code="o">P Year 3 [E] MOR</subfield>
    <subfield code="p">00059507SSW</subfield>
    <subfield code="q">2024-11-29</subfield>
    <subfield code="r">2024-02-20 18:15:52</subfield>
    <subfield code="s">2024-02-20</subfield>
    <subfield code="w">2024-01-23</subfield>
    <subfield code="y">TXB</subfield>
  </datafield>
  <datafield tag="952" ind1=" " ind2=" ">
    <subfield code="0">0</subfield>
    <subfield code="1">0</subfield>
    <subfield code="2">ddc</subfield>
    <subfield code="4">0</subfield>
    <subfield code="7">0</subfield>
    <subfield code="a">12.28</subfield>
    <subfield code="b">12.28</subfield>
    <subfield code="d">2022-12-20</subfield>
    <subfield code="l">1</subfield>
    <subfield code="o">P Year 3 [E] MOR</subfield>
    <subfield code="p">00059508SSW</subfield>
    <subfield code="q">2024-11-29</subfield>
    <subfield code="r">2024-02-20 18:11:44</subfield>
    <subfield code="s">2024-02-20</subfield>
    <subfield code="w">2024-01-23</subfield>
    <subfield code="y">TXB</subfield>
  </datafield>
  <datafield tag="952" ind1=" " ind2=" ">
    <subfield code="0">0</subfield>
    <subfield code="1">0</subfield>
    <subfield code="2">ddc</subfield>
    <subfield code="4">0</subfield>
    <subfield code="7">0</subfield>
    <subfield code="a">12.28</subfield>
    <subfield code="b">12.28</subfield>
    <subfield code="d">2022-12-20</subfield>
    <subfield code="l">1</subfield>
    <subfield code="o">P Year 3 [E] MOR</subfield>
    <subfield code="p">00059509SSW</subfield>
    <subfield code="q">2024-11-29</subfield>
    <subfield code="r">2024-02-21 16:06:22</subfield>
    <subfield code="s">2024-02-21</subfield>
    <subfield code="w">2024-01-23</subfield>
    <subfield code="y">TXB</subfield>
  </datafield>
  <datafield tag="952" ind1=" " ind2=" ">
    <subfield code="0">0</subfield>
    <subfield code="1">0</subfield>
    <subfield code="2">ddc</subfield>
    <subfield code="4">0</subfield>
    <subfield code="7">0</subfield>
    <subfield code="a">12.28</subfield>
    <subfield code="b">12.28</subfield>
    <subfield code="d">2022-12-21</subfield>
    <subfield code="l">1</subfield>
    <subfield code="o">P Year 3 [E] MOR</subfield>
    <subfield code="p">00059565SSW</subfield>
    <subfield code="q">2024-11-29</subfield>
    <subfield code="r">2024-02-20 21:17:32</subfield>
    <subfield code="s">2024-02-20</subfield>
    <subfield code="w">2024-01-23</subfield>
    <subfield code="y">TXB</subfield>
  </datafield>
  <datafield tag="952" ind1=" " ind2=" ">
    <subfield code="0">0</subfield>
    <subfield code="1">0</subfield>
    <subfield code="2">ddc</subfield>
    <subfield code="4">0</subfield>
    <subfield code="7">0</subfield>
    <subfield code="a">12.28</subfield>
    <subfield code="b">12.28</subfield>
    <subfield code="d">2022-12-21</subfield>
    <subfield code="l">1</subfield>
    <subfield code="o">P Year 3 [E] MOR</subfield>
    <subfield code="p">00059566SSW</subfield>
    <subfield code="q">2024-11-29</subfield>
    <subfield code="r">2024-02-20 18:17:15</subfield>
    <subfield code="s">2024-02-20</subfield>
    <subfield code="w">2024-01-23</subfield>
    <subfield code="y">TXB</subfield>
  </datafield>
  <datafield tag="952" ind1=" " ind2=" ">
    <subfield code="0">0</subfield>
    <subfield code="1">0</subfield>
    <subfield code="2">ddc</subfield>
    <subfield code="4">0</subfield>
    <subfield code="7">0</subfield>
    <subfield code="a">12.27</subfield>
    <subfield code="b">12.27</subfield>
    <subfield code="d">2023-03-08</subfield>
    <subfield code="l">1</subfield>
    <subfield code="o">AP Year 3 [E] MOR</subfield>
    <subfield code="p">00060969AGC</subfield>
    <subfield code="r">2024-07-16 11:34:50</subfield>
    <subfield code="s">2024-03-27</subfield>
    <subfield code="w">2024-01-23</subfield>
    <subfield code="y">BK</subfield>
  </datafield>
  <datafield tag="952" ind1=" " ind2=" ">
    <subfield code="0">0</subfield>
    <subfield code="1">0</subfield>
    <subfield code="2">ddc</subfield>
    <subfield code="4">0</subfield>
    <subfield code="7">0</subfield>
    <subfield code="a">12.28</subfield>
    <subfield code="b">12.28</subfield>
    <subfield code="d">2023-01-24</subfield>
    <subfield code="l">0</subfield>
    <subfield code="o">P Year 3 [E] MOR</subfield>
    <subfield code="p">00059748SSW</subfield>
    <subfield code="r">2024-01-23 14:38:20</subfield>
    <subfield code="w">2024-01-23</subfield>
    <subfield code="y">TXB</subfield>
  </datafield>
  <datafield tag="952" ind1=" " ind2=" ">
    <subfield code="0">0</subfield>
    <subfield code="1">0</subfield>
    <subfield code="2">ddc</subfield>
    <subfield code="4">0</subfield>
    <subfield code="7">0</subfield>
    <subfield code="a">12.28</subfield>
    <subfield code="b">12.28</subfield>
    <subfield code="d">2023-01-24</subfield>
    <subfield code="l">1</subfield>
    <subfield code="o">P Year 3 [E] MOR</subfield>
    <subfield code="p">00059749SSW</subfield>
    <subfield code="q">2024-11-29</subfield>
    <subfield code="r">2024-02-21 16:52:12</subfield>
    <subfield code="s">2024-02-21</subfield>
    <subfield code="w">2024-01-23</subfield>
    <subfield code="y">TXB</subfield>
  </datafield>
  <datafield tag="952" ind1=" " ind2=" ">
    <subfield code="0">0</subfield>
    <subfield code="1">0</subfield>
    <subfield code="2">ddc</subfield>
    <subfield code="4">0</subfield>
    <subfield code="7">0</subfield>
    <subfield code="a">12.28</subfield>
    <subfield code="b">12.28</subfield>
    <subfield code="d">2023-01-24</subfield>
    <subfield code="l">1</subfield>
    <subfield code="o">P Year 3 [E] MOR</subfield>
    <subfield code="p">00059750SSW</subfield>
    <subfield code="q">2024-11-29</subfield>
    <subfield code="r">2024-02-21 16:50:32</subfield>
    <subfield code="s">2024-02-21</subfield>
    <subfield code="w">2024-01-23</subfield>
    <subfield code="y">TXB</subfield>
  </datafield>
  <datafield tag="952" ind1=" " ind2=" ">
    <subfield code="0">0</subfield>
    <subfield code="1">0</subfield>
    <subfield code="2">ddc</subfield>
    <subfield code="4">0</subfield>
    <subfield code="7">0</subfield>
    <subfield code="a">12.28</subfield>
    <subfield code="b">12.28</subfield>
    <subfield code="d">2023-02-08</subfield>
    <subfield code="l">0</subfield>
    <subfield code="o">P Year 3 [E] MOR</subfield>
    <subfield code="p">00059855SSW</subfield>
    <subfield code="r">2024-01-23 14:38:20</subfield>
    <subfield code="w">2024-01-23</subfield>
    <subfield code="y">TXB</subfield>
  </datafield>
  <datafield tag="999" ind1=" " ind2=" ">
    <subfield code="c">108200</subfield>
    <subfield code="d">108200</subfield>
  </datafield>
</record>
